Statistics for Biggest World Cities within 150 Km by Proximity

Click here to take the quiz!

General Stats

  • This quiz has been taken 5,651 times
  • The average score is 1437 of 1784

Answer Stats

Country Dist to larger Lat Lon Pop City % Correct
Ukraine758503.19150.4333673330.516627973375000Kiev
99%
United States224606.47340.58654-122.3916889861Redding
99%
United States178279.6939.52963-119.8138225221Reno
99%
Denmark289042.39855.6785641912.563485751610000Copenhagen
99%
United States195382.36227.80058-97.39638305215Corpus Christi
99%
Romania183756.06344.3166723.8304142Craiova
99%
Canada233633.44946.81228-71.21454528595Quebec
99%
India199550.00922.3100193570.800008911650000Rajkot
99%
United States209610.08635.81878135-78.644693441490000Raleigh
99%
Brazil204341.442-21.1775-47.81028619746Ribeirao Preto
99%
United States151817.37437.55001935-77.4499861030000Richmond
99%
Mexico208424.95123.74174-99.14599269923Ciudad Victoria
99%
Russia165135.55747.2346478539.71265581280000Rostov
99%
United States347521.03239.16188479-84.456922652725000Cincinnati
99%
Mexico160443.68218.14212-94.4371230717Coatzacoalcos
99%
Brazil354948.007-22.92502317-43.2250207912700000Rio de Janeiro
99%
United States155358.90739.97997438-82.99000961640000Columbus
99%
Latvia362940.62656.94624.10589742572Riga
99%
Canada188113.74748.44879-68.5239642240Rimouski
99%
China436081.74236.08997927120.33000895700000Qingdao
99%
China334746.23138.92283839121.62983084500000Dalian
99%
United States568130.27833.53997988-112.06999174325000Phoenix
99%
Ireland221859.80753.33306114-6.2489056821330000Dublin
99%
United States183588.55240.4299986-79.999985392075000Pittsburgh
99%
Mexico210163.72524.02032-104.65756457140Durango
99%
Russia193373.00853.2006645.00464512602Penza
99%
France341153.31248.866692932.33333532611200000Paris
99%
India232503.75225.6249591385.130038612475000Patna
99%
Brazil189273.56-18.57889-46.51806126234Patos de Minas
99%
Ukraine250654.13448.0000016537.829980021470000Donetsk
99%
Ukraine191988.89248.4799723535.000023561390000Dnipropetrovsk
99%
Kosovo176206.33842.6727221.16688550000Pristina
99%
Russia189131.86957.813628.3496201990Pskov
99%
North Korea194621.74439.0194387125.75469072825000Pyongyang
99%
Turkey171876.80437.7741729.0875313238Denizli
99%
Czech Republic251179.61550.0833370114.465979781470000Prague
99%
Portugal273216.18741.15000633-8.6200012631190000Porto
99%
France150953.62847.316675.01667149782Dijon
99%
United States334903.20142.32996014-83.080055795700000Detroit
99%
Netherlands182125.64751.91996914.4799743233100000Rotterdam
99%
Russia182133.21554.626939.6916520173Ryazan'
99%
Russia225900.09458.3690945.5155829800Shar'ya
99%
United Kingdom164656.71552.47497398-1.9199967873125000Birmingham
99%
Spain245394.1543.26271-2.92528354860Bilbao
99%
India193757.25628.0209473.30749576015Bikaner
99%
Spain313867.70137.40501528-5.9800073661320000Seville
99%
South Korea870161.76237.5663491126.99973124400000Seoul
99%
France437452.49944.85001304-0.5950130631010000Bordeaux
99%
Russia171212.0963.7414734.3221833354Segezha
99%
Italy193014.36344.4938111.33875366133Bologna
99%
India169127.37923.2499878177.409993042175000Bhopal
99%
India243375.58121.216666781.43333332550000Bhilai
99%
Brazil152156.011-22.31472-49.06056335024Bauru
99%
India204415.22621.1999837472.840039435700000Surat
99%
India171625.68925.7457271.3921189487Barmer
99%
Germany151663.55248.779979889.1999962962325000Stuttgart
99%
Norway160191.50858.970055.73332121610Stavanger
99%
Germany450209.68652.5218186613.401548624500000Berlin
99%
Brazil340863.376-19.91502602-43.915004524925000Belo Horizonte
99%
Serbia316639.57244.8186454520.467990681400000Belgrade
99%
United States299564.31842.32996014-71.070013677350000Boston
99%
Brazil623585.157-15.78334023-47.916052293825000Brasília
99%
United States361509.46335.20499453-80.830038092275000Charlotte
99%
United States159657.78632.82002382-117.17998993275000San Diego
99%
United States567799.89237.74000775-122.45997777600000San Francisco
99%
Russia527657.92353.1950075550.151295121320000Samara
99%
United States601834.50140.7750163-111.93005192300000Salt Lake City
99%
United States165960.08137.10415-113.5841272897Saint George
99%
Russia635973.59859.9390145130.316020065450000Saint Petersburg
99%
Mexico189306.75116.18798-95.1995273648Salina Cruz
99%
Brazil187231.625-21.75227-41.33044387417Campos
99%
Mexico157018.11319.83803-90.5277205212Campeche
99%
Bosnia and Herzegovina198889.53543.8486418.35644696731Sarajevo
99%
Russia333129.06751.5799898546.02999631090000Saratov
99%
France211018.27548.4-4.48333144899Brest
99%
Russia238639.67153.2520934.37167427236Bryansk
99%
Hungary690817.54747.5000063319.083320682575000Budapest
99%
South Korea328277.22235.09505292129.01004764275000Busan
99%
Brazil167886.785-20.81972-49.37944374699São José do Rio Preto
99%
Brazil7423584.581-23.55867959-46.6250199821800000São Paulo
99%
Brazil154838.131-17.22222-46.8747270753Paracatu
99%
United States220661.42240.83242-115.7631218297Elko
99%
France342794.64645.770008564.8300304751930000Lyon
99%
Spain1054227.53340.40002626-3.6833516866250000Madrid
99%
Spain158182.15936.7204059-4.4199992281000000Málaga
99%
India338896.27622.7150592275.865022742775000Indore
99%
United States161044.9338.45647-82.69238288649Ironville
99%
Brazil168059.517-14.78556-39.28028205660Itabuna
99%
United States2479925.42933.98997825-118.179980517600000Los Angeles
99%
India239282.6523.1750569979.955057331390000Jabalpur
99%
Russia223317.35956.8497653.20448631038Izhevsk
99%
Mexico197940.61919.05222-104.31583130035Manzanillo
99%
France269816.71343.289979065.375010131640000Marseille
99%
Finland300861.92660.1755633724.934126341230000Helsinki
99%
Mexico151152.18432.64998252-115.48001611010000Mexicali
99%
Mexico11319058.2319.44244244-99.130988222100000Mexico City
99%
Greece320381.13335.3278725.14341137154Heraklion
99%
United States218513.61126.20303754-98.229725381270000McAllen
99%
Pakistan150663.66725.37998768.374988972425000Hyderabad
99%
Mexico153064.92423.64824-100.6433467717Matehuala
99%
Mexico198601.28823.2329-106.40616354717Mazatlan
99%
Brazil299264.63-23.31028-51.16278471832Londrina
99%
United Kingdom2508158.751.49999473-0.11672184414400000London
99%
Nepal446082.27527.7166919185.316642212775000Kathmandu
99%
Norway160460.6158.146717.995663814Kristiansand
99%
Russia193322.79851.7373336.18735409431Kursk
99%
Russia292050.04855.7499420449.126344771220000Kazan
99%
India192914.42325.1799992175.834998741200000Kotā
99%
Russia287089.35558.5966549.66007457383Kirov
99%
Turkey230314.6237.8750124332.475009721210000Konya
99%
India165097.86422.345882.69633419146Korba
99%
United States182741.89434.4839-114.3224552527Lake Havasu City
99%
United States365334.07936.20999778-115.22000612075000Las Vegas
99%
Austria154946.26148.3063914.28611181162Linz
99%
Portugal504830.13438.72272288-9.1448663052600000Lisbon
99%
India239037.47526.9211332475.809987343525000Jaipur
99%
France178027.31145.831531.2578141176Limoges
99%
China273092.3536.67498232116.99501873950000Jinan
99%
France168578.92249.49380.10767185972Le Havre
99%
Mexico177703.66521.1499868-101.70003041800000León
99%
India286797.33126.2917659773.016772831320000Jodhpur
99%
Italy643038.31645.46997529.205008915150000Milan
99%
Belarus435259.453.8999774427.566627161960000Minsk
99%
Germany153272.50250.099976838.675015423125000Frankfurt
99%
United States3360952.43340.74997906-73.9800169322000000New York
99%
France154641.70743.703137.26608338620Nice
99%
Cyprus213040.36635.1666733.36667200452Nicosia
99%
United States190045.01836.74773-119.77237494665Fresno
99%
Japan210422.36433.59501528130.41001382650000Fukuoka
99%
China239573.60432.05001914118.77997436850000Nanjing
99%
Poland244748.97954.3520518.64637461865Gdansk
99%
France273376.61547.21725-1.55336277269Nantes
99%
Russia402981.64556.3330072244.000094361760000Nizhny Novgorod
99%
Mexico190412.76627.47629-99.51639349550Nuevo Laredo
99%
Canada165814.37345.4166968-75.70001531180000Ottawa
99%
Spain205276.1639.569392.65024401270Palma
99%
United States174698.78539.24744-114.888634255Ely
99%
United States212833.30136.72806-108.2186945877Farmington
99%
Morocco169545.14634.05459963-5.0003772391200000Fez
99%
United States184836.0635.19807-111.6512765870Flagstaff
99%
Germany151234.93549.4499906611.07998491170000Nuremberg
99%
Mexico241570.5317.07108-96.71914262566Oaxaca
99%
India422215.74821.1699597479.089993853025000Nagpur
99%
Spain222624.67243.53573-5.66152277554Gijon
99%
Mexico633156.0225.66999514-100.32998484650000Monterrey
99%
Brazil336427.929-16.735-43.86167332379Montes Claros
99%
Mexico459781.23520.67001609-103.33003424975000Guadalajara
99%
Mexico165400.16926.90687-101.42056195764Monclova
99%
Belarus170264.34453.916830.3449369200Mogilev
99%
China163150.23136.5799752114.47997841360000Handan
99%
Germany255227.90553.550024649.9999991442750000Hamburg
99%
Canada641432.14644.64533-63.57239359111Halifax
99%
Canada405919.66945.49999921-73.583296964100000Montréal
99%
Russia4177447.28155.7521641237.6155228316900000Moscow
99%
Germany189950.46748.1299420411.574993452200000Munich
99%
United Kingdom284944.61655.87440472-4.2507072361620000Glasgow
99%
Spain177128.71137.98704-1.13004436870Murcia
99%
Brazil180642.252-16.72002724-49.300024662250000Goiânia
99%
Belarus222495.73452.434530.9754480951Gomel
99%
Canada254300.46346.49-80.99001157857Greater Sudbury
99%
Brazil222931.37-18.85111-41.94944250878Governador Valadares
99%
India162189.56626.7547983.37235674246Gorakhpur
99%
Spain506210.11341.383299582.1833703194650000Barcelona
99%
Ireland219403.80951.89797-8.47061190384Cork
99%
Brazil327538.555-14.86611-40.83944253137Vitória da Conquista
99%
United States159541.65745.06168-83.4327510483Alpena
99%
Algeria518376.36536.76306483.050552533675000Algiers
99%
Brazil373855.746-20.32399331-40.365996341790000Vitória
99%
Spain178894.2738.87789-6.97061148334Badajoz
99%
Lithuania172868.24354.6891625.2798542366Vilnius
99%
United States244571.92136.85321433-75.978318731610000Virginia Beach
99%
Morocco162989.22435.76727-5.79975688356Tangier
99%
United States162842.32735.37329-119.01871347483Bakersfield
99%
Morocco164717.47235.25165-3.93723395644Al Hoceima
99%
China258827.07532.01999514112.13004431560000Xiangyang
99%
China266250.20634.28001223117.18002032550000Xuzhou
99%
United States166933.08540.97296-117.735687396Winnemucca
99%
Mexico255606.19122.27817-97.86772309003Tampico
99%
United States330834.0138.89954938-77.009418588350000Washington
99%
Syria313123.60836.2299707237.17002032125000Aleppo
99%
Mexico217861.79119.18074-96.13405568313Veracruz
99%
Russia167068.16658.5213131.27104215062Velikiy Novgorod
99%
United States173345.32632.22174-110.92648520116Tucson
99%
India161658.37919.8956964375.320301471590000Aurangabad
99%
Mexico363975.80416.75469-93.11485481128Tuxtla Gutierrez
99%
France213749.68143.604261.44367433055Toulouse
99%
Mexico310544.32825.57005292-103.42000291300000Torreón
99%
Russia165994.46359.6451133.5293762075Tikhvin
99%
Canada541558.1643.69997988-79.420020797100000Toronto
99%
Russia162591.56256.8583635.90057400212Tver
99%
Brazil254796.018-18.91861-48.27722563536Uberlandia
99%
India216660.82725.3299900583.000039431790000Varanasi
99%
Mexico178433.86521.5008-104.88936280592Tepic
99%
Turkey191473.83936.8899821230.699975951160000Antalya
99%
Spain162158.90241.65518-4.72372317864Valladolid
99%
Spain298413.93539.48501752-0.4000120461930000Valencia
99%
India200279.84324.5711773.69183422784Udaipur
99%
Germany447829.43151.537.045600000The Ruhr
99%
India445248.40523.0300529272.580003627450000Ahmedabad
99%
Mexico180786.88214.90696-92.26185197961Tapachula
99%
China155865.04637.53040814121.40002112100000Yantai
99%
Switzerland163025.7247.379987818.550010131360000Zurich
99%
Spain244448.34741.65606-0.87734674317Zaragoza
99%
Turkey186002.71236.9949886335.320004031680000Adana
99%
Denmark156433.32756.1567410.21076237551Aarhus
99%
China441187.90834.75499615113.66509274675000Zhengzhou
99%
Mexico237939.3816.86336-99.8901652136Acapulco
99%
Jordan192375.59729.5266735.0077895048Aqaba
98%
Canada235734.30848.10018-77.782831123Val-d'Or
98%
Argentina158391.445-28.46064-62.8347220261Anatuya
98%
Malaysia702292.9631.55110.33333570407Kuching
98%
Finland237658.19962.8923827.6770389104Kuopio
98%
Turkey181584.10338.4923943.38311371713Van
98%
Indonesia175297.46-2.12914106.11377125933Pangkalpinang
98%
Greece170116.73638.2444421.73444163360Patra
98%
Iraq167314.9133.0371840.2858622370Ar Rutbah
98%
Russia291388.73161.7849134.34691265025Petrozavodsk
98%
Thailand172322.7947.8905998.398189072Phuket
98%
Indonesia207934.119-0.03109109.32199455173Pontianak
98%
South Africa239490.028-33.0152927.91162478676East London
98%
Italy153264.39542.458414.20283116596Pescara
98%
Italy310659.47138.1320513.33561648260Palermo
98%
Japan166445.4837.90222139.02361505272Niigata-shi
98%
Indonesia282282.5740.564964212101.4250131180000Pekanbaru
98%
Indonesia421909.469-2.980039043104.75002971690000Palembang
98%
Australia205968.682-33.28397149.1001839329Orange
98%
Japan404197.95534.75003522135.460144817800000Osaka
98%
Norway419048.01259.9166902910.749979211140000Oslo
98%
Algeria350006.91135.71000246-0.619972781340000Oran
98%
Kuwait537453.5129.3697176347.978301154150000Kuwait City
98%
United States382302.40639.10708851-94.604094221920000Kansas City
98%
Pakistan423835.35831.5599715474.3500247810200000Lahore
98%
Bulgaria198612.51143.2166727.91667312770Varna
98%
Morocco160826.39934.68052-1.90764405253Oujda
98%
Indonesia205523.452-0.94924100.35427840352Padang
98%
Taiwan297305.41322.63330711120.26660192800000Kaohsiung
98%
South Africa662255.373-33.9700337525.600028851210000Port Elizabeth
98%
United States151670.91740.80207-124.1636727191Eureka
98%
Austria217693.19248.2000152816.366638962150000Vienna
98%
United States160562.53437.97476-87.55585117429Evansville
98%
Turkey351817.36439.9272385932.864391644675000Ankara
98%
Poland307009.07950.2603804719.020017052375000Katowice
98%
United States230465.12735.96064-83.92074178874Knoxville
98%
Egypt180019.59824.0908232.89942241261Aswan
98%
United States175750.8738.95171-92.33407108500Columbia
98%
Ukraine411934.16849.9999829336.250024781650000Kharkiv
98%
Algeria173034.22636.3656.61472450097Constantine
98%
Pakistan242950.14933.5999762273.040027223850000Rawalpindi
98%
Argentina646644.973-31.39995807-64.182294561620000Córdoba
98%
Turkey179180.54541.00539.72694244083Trabzon
98%
Egypt219362.67227.1809631.18368420585Asyut
98%
India227829.3710.9999603576.950021122450000Coimbatore
98%
Libya368858.11132.0836123.97639121052Tobruk
98%
Romania307608.47846.7666723.6316748Cluj-Napoca
98%
Albania153481.28441.327519.81889374801Tirana
98%
Australia241077.231-31.49873145.841834199Cobar
98%
Japan2903303.77535.68501691139.751407439500000Tokyo
98%
China178355.06543.6125122.26528261110Tongliao
98%
Argentina186016.335-33.13067-64.34992153757Rio Cuarto
98%
Slovakia177937.45148.7139521.25808236563Kosice
98%
Iran204249.08937.2807749.58319594590Rasht
98%
Iran156474.4138.249848.2933410753Ardabil
98%
South Africa163656.872-29.6640922.7474211236Prieska
98%
India326554.15210.5668872.6420310688Kavaratti
98%
Brazil183273.346-16.44972-39.06472123173Porto Seguro
98%
Brazil844647.363-30.05001463-51.200012054075000Porto Alegre
98%
Australia192307.509-31.43084152.9089441491Port Macquarie
98%
Japan158816.11536.59444136.62556458937Kanazawa-shi
98%
Egypt165372.74431.2565432.28412538378Port Said
98%
South Africa184386.097-30.6496624.012332318De Aar
98%
Russia226610.72961.2574546.6496359180Kotlas
98%
Tunisia570385.36136.8027781410.17967812500000Tunis
98%
United States157360.92436.15398-95.99278391906Tulsa
98%
Canada180132.47349.49991-115.7687918610Cranbrook
98%
Canada220524.09849.88307-119.48568125109Kelowna
98%
Malaysia225942.5376.13328102.23861459994Kota Bharu
98%
Syria612357.14733.50003436.299995893475000Damascus
98%
Russia729505.35664.540140.5433356051Arkhangel'sk
98%
Saudi Arabia332287.23230.9753141.03808148540'Ar'ar
98%
India154166.49114.4536379.98674404158Nellore
98%
China151004.33426.88002464112.59001621710000Hengyang
98%
Egypt258877.21831.352927.2372562042Mersa Matruh
98%
Indonesia3319480.152-6.174417705106.829437628100000Jakarta
98%
Poland168634.7451.117.03333634893Wroclaw
98%
Argentina183685.669-32.88333006-68.816611171050000Mendoza
98%
Australia708089.911-37.82003131144.97501624400000Melbourne
98%
United States314010.58435.1199868-89.999995161150000Memphis
98%
Mexico479691.09829.1026-110.97732595811Hermosillo
98%
Indonesia192283.578-1.6103.61667420323Jambi City
98%
Canada201714.29752.14153-122.1445114168Williams Lake
98%
Saudi Arabia187778.14828.3111746.1272920685Al Qaysumah
98%
Saudi Arabia187698.36226.6085337.9231632413Al 'Ula
98%
Russia185696.11862.7640940.3374628000Mirny
98%
Australia327175.917-34.18551142.1625130016Mildura
98%
Cuba365499.88823.13195884-82.364182172225000Havana
98%
United States1484906.79925.7876107-80.224106086100000Miami
98%
Russia155957.41150.0643.237958898Mikhaylovka
98%
United States208557.45137.69224-97.33754382368Wichita
98%
Colombia248559.4416.275003274-75.575010013800000Medellín
98%
United States224705.23632.29876-90.18481173514Jackson
98%
Egypt473856.05325.6989332.6421422407Luxor
98%
Ukraine294312.12249.8382624.02324717803Lviv
98%
Saudi Arabia160514.35524.0891238.06374200161Yanbu` al Bahr
98%
India415180.88326.8550390880.914998743325000Lucknow
98%
Poland153026.75451.2522.56667360044Lublin
98%
United States153118.69938.22501691-85.748704271040000Louisville
98%
Algeria181743.90832.75-0.5833363420Ain Sefra
98%
Turkey1243141.09541.1049961529.0100015914300000Istanbul
98%
United States157454.96246.60207-120.505991067Yakima
98%
Japan174113.92439.71806140.10333325837Akita Shi
98%
Egypt180883.13428.3491928.8659120000Al Bawiti
98%
China567999.61830.58003135114.2700178000000Wuhan
98%
Australia174602.711-36.71131142.1998114285Horsham
98%
Egypt162336.30627.2573833.8129195622Hurghada
98%
Russia250691.19957.6298739.87368606730Yaroslavl
98%
India205507.29512.9172374.85603417387Mangalore
98%
United States161251.35239.74998842-86.170048061910000Indianapolis
98%
North Korea182077.76839.91833127.53639559056Hamhung
98%
Saudi Arabia152117.10826.2455136.4524826636Al Wajh
98%
Pakistan169123.00935.9186874.3124510414Gilgit
98%
Russia500421.25248.7100099944.499960491410000Volgograd
98%
Bahamas232679.09623.51616-75.786657314George Town
98%
Russia286733.95151.7299806939.269995481040000Voronezh
98%
Ghana196494.82610.06069-2.5019278107Wa
98%
Australia162513.237-35.12577147.3537446913Wagga Wagga
98%
Pakistan207551.00230.1999770371.455007692150000Multan
98%
Australia173765.068-29.42743147.978652685Lightning Ridge
98%
United Kingdom313944.86919.2866-81.3743629370George Town
98%
Malaysia275399.5645.413613156100.32936791550000George Town
98%
Bahamas297550.54725.05823-77.34306227940Nassau
98%
Turkey303566.67238.4361496827.151794012950000Izmir
98%
Russia153092.18850.0983345.41601128626Kamyshin
98%
United States338493.49836.16997438-86.779984991360000Nashville
98%
Italy657445.69340.8400252514.245011354250000Naples
98%
India229965.31434.1650477.5840237475Leh
98%
Iran271501.83434.383847.0553766706Kahriz
98%
India162022.44929.4470275.671811324570Gorakhpur
98%
Italy188351.39741.8959556312.483258423600000Rome
98%
Armenia279232.06540.1811507444.513551391480000Yerevan
98%
Egypt178294.48131.2000193529.949995895150000Alexandria
98%
China154530.55541.12036989121.10003941040000Jinzhou
98%
Brazil221044.801-14.22333-42.7813958877Guanambi
98%
United States207495.46234.74648-92.28959193524Little Rock
98%
United States261197.12646.87215-113.99466788Missoula
98%
United States207063.19130.69436-88.04305195111Mobile
98%
United States151546.74332.50931-92.119348815Monroe
98%
Australia151231.543-34.28853146.0509315455Griffith
98%
Croatia266996.0445.8131315.97753800000Zagreb
98%
South Africa185548.882-32.2521524.5307562896Graaff-Reinet
98%
Australia150017.745-38.38176142.4879933982Warrnambool
98%
Sweden228829.99457.7071611.96679504084Gothenburg
98%
United States182703.71142.96336-85.66809188040Grand Rapids
98%
Iraq340300.71436.3450024643.145004431470000Mosul
98%
United States163138.64644.51916-88.01983104057Green Bay
98%
Poland260942.45152.2500006320.999999552275000Warsaw
98%
Jordan175298.25831.9500252535.933299933350000Amman
98%
Colombia159753.364.81333-75.69611440118Pereira
98%
Australia156485.82-30.09008145.945442475Bourke
98%
Bulgaria297252.62442.6833494323.316654011330000Sofia
98%
Indonesia285960.12-3.80044102.26554309712Bengkulu
98%
Croatia152916.88843.5089116.43915176314Split
98%
Colombia299203.2753.399959126-76.499966472925000Cali
98%
China292432.77828.19996991112.9699934450000Changsha
98%
China233698.95843.86500856125.33998733700000Changchun
98%
Ghana312203.1329.40078-0.8393360579Tamale
98%
Cuba264895.1121.38083-77.91694347562Camaguey
98%
Egypt286059.85529.203225.519657000Siwa Oasis
98%
India231372.40530.7199969776.780005652025000Chandigarh
98%
Indonesia181887.663-2.73353107.6347762374Tanjung Pandan
98%
United States368461.75547.65966-117.42908208916Spokane
98%
India192917.94215.1457576.91751336681Bellary
98%
United States201272.13632.08354-81.09983136286Savannah
98%
China1201620.25631.21645245121.436504730900000Shanghai
98%
Algeria341023.33631.61667-2.21667143382Bechar
98%
Brazil251970.805-29.68417-53.80694249219Santa Maria
98%
Italy283005.79539.230549.11917149257Cagliari
98%
China150179.80840.9725117.93611449325Chengde
98%
Egypt2899392.2230.0499603531.2499682216800000Cairo
98%
United States230119.68837.21533-93.29824159498Springfield
98%
Cuba240003.1222.4-79.96667250512Santa Clara
98%
India173375.28334.0999715474.815009321450000Srinagar
98%
Sweden691207.46859.3507599518.097334732075000Stockholm
98%
Turkey173243.32439.7483337.01611264022Sivas
98%
Azerbaijan541888.79340.3952720349.862217162450000Baku
98%
China560410.141.80497927123.44997357650000Shenyang
98%
Algeria186263.6934.850385.72805307987Biskra
98%
China171138.00938.05001467114.47997843850000Shijiazhuang
98%
United States225420.15333.52066-86.80249212237Birmingham
98%
Mexico189660.47228.43333-113.757872San Luis
98%
Italy168455.7937.4922315.07041290927Catania
98%
Australia191589.733-31.09048150.9290547597Tamworth
98%
Argentina236072.944-33.29501-66.33563183982San Luis
98%
South Africa156187.171-30.9682722.133035785Carnarvon
98%
South Africa319370.073-29.1210626.214463064Bloemfontein
98%
Morocco831659.56933.59997622-7.6163674334175000Casablanca
98%
Iran350338.18329.6299601452.570010541710000Shiraz
98%
United States152142.74626.56285-81.94953154305Cape Coral
98%
Brazil619104.673-20.44278-54.64639729151Campo Grande
98%
Australia241821.585-35.28346149.12807367752Canberra
98%
Colombia1869717.44.596423563-74.083343969350000Bogotá
98%
Argentina167316.199-28.46957-65.78524188812San Fernando del Valle de Catamarca
98%
Argentina197000.408-34.61772-68.33007109163San Rafael
98%
Japan310119.10538.28710614141.02171751490000Sendai
98%
United States326403.69927.94698793-82.458620854025000Tampa
98%
United States274189.61932.52515-93.75018199311Shreveport
98%
Russia176638.08851.550243.166798107Balashov
98%
Singapore316899.0131.293033466103.85582076900000Singapore
98%
Mexico288783.04721.17429-86.84656542043Cancun
98%
Iran179194.95928.968450.8385165377Bandar-e Bushehr
98%
China958363.08639.92889223116.388285721100000Beijing
98%
Panama157813.5488.1-80.9833345355Santiago de Veraguas
98%
Colombia344279.42510.95998863-74.799966882000000Barranquilla
98%
Saudi Arabia395671.01528.399836.5715455450Tabuk
98%
China219847.86542.27001548118.94998981030000Chifeng
98%
Greece570649.54237.9833262323.733321083425000Athens
98%
Argentina419653.132-38.7196-62.27243276546Bahia Blanca
98%
United States869150.39433.83001385-84.399949385500000Atlanta
98%
Australia5380895.193-33.92001097151.18517984900000Sydney
98%
Australia255202.728-31.96173141.4599818430Broken Hill
98%
Argentina293160.126-36.61667-64.28333111424Santa Rosa
98%
Italy221373.72941.1114816.8554277387Bari
98%
Canada207506.46845.27271-66.0676687857Saint John
98%
Algeria178338.14235.371031.31699178915Tiaret
98%
Iraq695368.23833.338648544.393868776850000Baghdad
98%
United States413185.53638.63501772-90.239980512350000Saint Louis
98%
Moldova152712.03447.0055628.8575635994Chisinau
98%
Canada178739.84348.41675-71.06573143692Saguenay
98%
Iran400214.86638.0862915246.301245891620000Tabriz
98%
United States1158409.60641.82999066-87.750054979800000Chicago
98%
China200203.24945.60746122.82076316970Baicheng
98%
Argentina278752.849-32.95112954-60.666307621340000Rosario
98%
Ukraine157484.66749.4285432.06207297568Cherkasy
98%
Algeria231437.71735.404178.12417634332Tebessa
98%
United States163446.20543.58626-119.05412806Burns
98%
Georgia173031.62241.7250099944.790795451230000Tbilisi
98%
Russia203390.98559.1333337.9315738Cherepovets
98%
Pakistan260736.73627.7051668.85738417767Sukkur
98%
Canada256617.92946.51677-84.3332574948Sault Ste. Marie
98%
Italy173207.79540.727878.5503791895Sassari
98%
Cuba245154.45820.02472-75.82194555865Santiago de Cuba
98%
Indonesia168216.667-2.0561101.391395913Sungai Penuh
98%
Canada439661.2448.38202-89.2501899334Thunder Bay
98%
Thailand267339.9869.1401199.33311127201Surat Thani
98%
Colombia286818.8597.1300932-73.125883021130000Bucaramanga
98%
India837186.61112.9699951477.5600097210500000Bangalore
98%
Romania439744.16644.433371826.099946652200000Bucharest
98%
China169675.9129.3236785.226013765Saga
98%
Greece195787.06140.6436222.93086354290Thessaloniki
98%
Canada221303.22648.46686-81.3331242997Timmins
98%
China251543.28728.0199809120.65009275900000Wenzhou
97%
Brazil174507.091-31.33139-54.1069498940Bage
97%
Sierra Leone174038.3157.96472-11.73833174354Bo
97%
United States182397.09235.222-101.8313190695Amarillo
97%
Argentina1674283.854-34.60250161-58.3975313715800000Buenos Aires
97%
China262034.14628.67999229115.87999633675000Nanchang
97%
Burkina Faso328692.44211.17715-4.2979360106Bobo-Dioulasso
97%
India201497.30319.1602377.31497550564Nanded
97%
Myanmar251721.39412.4395498.60028173298Myeik
97%
Iran176212.74636.5633253.06009255396Sari
97%
India887044.98119.0169903872.856989323200000Mumbai
97%
Mongolia417425.33544.88239110.1163119891Saynshand
97%
Namibia157847.959-28.4518.733336700Warmbad
97%
Peru206448.961-6.03416-76.9716844276Moyobamba
97%
Canada291024.05155.16667-118.8027141462Grande Prairie
97%
Japan831748.18943.07497927141.34004432500000Sapporo
97%
Australia738282.377-27.45503091153.03509272900000Brisbane
97%
Zimbabwe150679.539-19.4529.81667146073Gweru
97%
United States366745.16635.08449-106.65114545852Albuquerque
97%
Colombia187079.9998.74798-75.88143272420Monteria
97%
Uruguay205872.454-34.85804157-56.171052291830000Montevideo
97%
United States1092021.28647.57000205-122.3399854075000Seattle
97%
Thailand210554.06514.97066102.10196208781Nakhon Ratchasima
97%
Ukraine289590.33244.5888333.5224379200Sevastopol
97%
India500045.23417.3999831378.479953579000000Hyderabad
97%
Australia160823.803-41.43876147.13467106153Launceston
97%
Philippines245447.12913.13722123.73444179481Legaspi
97%
Egypt233668.12822.345731.616245000Abu Sunbul
97%
Guinea153378.28911.31823-12.2833258649Labe
97%
Philippines214165.56920.44865121.970177297Basco
97%
Vietnam152189.35517.46885106.6222631040Kwang Binh
97%
United Kingdom339865.30360.15456-1.1489922210Lerwick
97%
Canada175135.50649.69999-112.8185670617Lethbridge
97%
South Korea186037.06933.50972126.52194408364Jeju-si
97%
Brazil266389.406-17.88139-51.7144476547Jatai
97%
China167214.93930.69997235111.28001871150000Yichang
97%
China346508.46438.46797365106.27303751530000Yinchuan
97%
Peru180035.834-15.5-70.13333245675Juliaca
97%
Costa Rica150727.17710.63504-85.4377245380Liberia
97%
Mongolia316885.31746.68056113.2791715805Baruun-Urt
97%
Pakistan1101472.41124.8699922966.9900089124300000Karachi
97%
United States162752.91124.5557-81.7825924649Key West
97%
Iran441175.40230.2832157.07879577514Kerman
97%
Peru224837.07-18.01465-70.25362280098Tacna
97%
Ukraine219729.79849.4216126.99653398346Khmelnytskyi
97%
Jamaica475171.62417.99702-76.79358937700Kingston
97%
United Kingdom150262.5958.98465-2.9595320100Kirkwall
97%
India183121.33328.3453873979.419999551170000Bareilly
97%
Namibia371284.278-26.5833318.1333315608Keetmanshoop
97%
Malaysia194081.2183.8077103.326366229Kuantan
97%
Japan185320.30542.975144.37472183612Kushiro
97%
United States228544.03432.44874-99.73314117063Abilene
97%
Russia249800.56745.0448438.97603649851Krasnodar
97%
China360518.19137.87501243112.54505774200000Taiyuan
97%
Iran266531.96231.8972254.3675477905Yazd
97%
Peru163946.698-5.70908-78.8074852493Jaen
97%
Canada212005.01653.40009-117.585679889Hinton
97%
India236922.04617.670405975.900007691030000Sholapur
97%
United States192469.19842.32652-122.8755974907Medford
97%
Iran179804.47429.10658.35799268Bam
97%
United States361965.51529.81997438-95.339979296200000Houston
97%
China395515.92237.107579.93548114000Hotan
97%
Nicaragua227293.6314.03507-83.3888233635Bilwi
97%
Egypt166807.72125.451430.5463567700Al Kharijah
97%
China180034.56928.45322117.9686318769Shangrao
97%
Vietnam322881.56721.03332725105.85001422950000Hanoi
97%
China186865.7523.37000633116.67002567950000Shantou
97%
United States176517.0731.99735-102.07791111147Midland
97%
Iran321581.20832.8662859.22114196982Birjand
97%
India372844.60315.3599784575.125016231050000Hubli
97%
Peru314239.419-12.73333-69.1833338966Tambopata
97%
Myanmar575253.64416.783354196.166677615150000Yangon
97%
Brazil257770.935-11.30417-41.8558363626Irece
97%
United States433415.70433.57786-101.85517229573Lubbock
97%
United States234123.07430.43826-84.28073181376Tallahassee
97%
United States203691.26730.33002077-81.669986821320000Jacksonville
97%
India183265.2827.1704203578.015020712050000Agra
97%
Philippines1242198.72314.60415895120.982217223300000Manila
97%
Iran163529.69929.4513755.6809207645Sirjan
97%
China505643.20724.44999208118.08001710000000Xiamen
97%
Zimbabwe365668.452-20.1528.58333699385Bulawayo
97%
China565712.37634.27502545108.89499636650000Xi'an
97%
United States230217.96446.54354-87.3954221355Marquette
97%
Canada211884.2148.7501-86.433224627Marathon
97%
China161837.12930.24997398120.17001878300000Hangzhou
97%
Kenya247518.131.747140.0573245771Wajir
97%
United States186717.9637.7528-100.0170827340Dodge City
97%
Algeria193753.69334.672793.263154265Djelfa
97%
Argentina156421.322-36.31322-57.6791825190Dolores
97%
Philippines155323.60812.35275121.06761118807San Jose
97%
South Africa207206.722-23.9044829.46885123749Polokwane
97%
Argentina164956.382-40.73193-64.9476916966San Antonio Oeste
97%
Haiti161293.63219.9389-72.83257250000Port-de-Paix
97%
Peru361655.842-16.39889-71.535841130Arequipa
97%
Peru161286.397-13.15878-74.22321140033Ayacucho
97%
United States198309.56441.60054-93.60911203433Des Moines
97%
Thailand462621.70817.41567102.78589247231Udon Thani
97%
United States229366.21545.52002382-122.67999012275000Portland
97%
Peru195183.056-5.19449-80.63282325466Piura
97%
Mongolia211791.61247.31944110.6555614723Undurkhaan
97%
Brazil219933.877-31.77194-52.3425320674Pelotas
97%
Taiwan358780.4425.03583333121.56833339050000Taipei
97%
Myanmar151827.97216.7791994.73212237089Pathein
97%
Brazil156344.18-28.26278-52.40667179529Passo Fundo
97%
Canada198052.51649.27341658-123.12164422500000Vancouver
97%
Costa Rica871607.4349.93501243-84.084051351840000San José
97%
South Africa170303.897-23.9429931.14107109468Phalaborwa
97%
Philippines570255.42110.31997601123.90007522275000Cebu
97%
South Africa344413.127-28.4477621.2561271373Upington
97%
Brazil202452.042-29.75472-57.08833123480Uruguaiana
97%
Cambodia212099.04811.55003013104.91663451880000Phnom Penh
97%
Thailand181628.7716.82481100.25858103427Phitsanulok
97%
India3654003.61628.669992977.2300040326400000Delhi
97%
Syria236516.58335.3358840.14084242565Deir ez-Zor
97%
Guinea706567.0599.531522846-13.680235032225000Conakry
97%
Mongolia181410.34148.07257114.5326423Choibalsan
97%
Argentina240572.888-31.39296-58.02089145210Concordia
97%
Mozambique163504.493-19.1163933.48333256936Chimoio
97%
Botswana183560.449-26.0522.456591Tshabong
97%
Mongolia174883.85246.36111108.361119895Choyr
97%
United States242822.03533.39427-104.5230248366Roswell
97%
United States154829.87134.4048-103.2052337775Clovis
97%
Australia255122.884-26.56741148.787515496Roma
97%
Saudi Arabia991416.92224.6408331546.772741666700000Riyadh
97%
Thailand150878.5510.495799.1797155835Chumphon
97%
Bolivia156730.675-11.02671-68.7691826585Cobija
97%
Argentina198301.564-29.15-59.6590184Reconquista
97%
Venezuela152098.11511.4045-69.67344195227Coro
97%
Philippines432704.6629.73917118.73528222673Puerto Princesa
97%
Saudi Arabia387119.04726.4281917550.099670372375000Dammam
97%
Venezuela246511.7545.66389-67.6236152526Puerto Ayacucho
97%
Thailand233403.23415.23844104.84866122533Ubon Ratchathani
97%
Canada397894.28753.9166-122.7530165558Prince George
97%
United States168595.8542.56297-114.4608744125Twin Falls
97%
Egypt168291.28327.056827.969795000Qasr al Farafirah
97%
Brazil342222.889-25.420013-49.31999763275000Curitiba
97%
Peru173567.19-6.77137-79.84088577375Chiclayo
97%
Peru321632.061-13.52264-71.96734312140Cusco
97%
Vietnam493591.11316.06778108.22083752493Da Nang
97%
United States1282509.51532.82002382-96.840016936550000Dallas
97%
Panama511090.568.96801719-79.533037151460000Panama City
97%
Turkey267401.5637.9158340.21889644763Diyarbakir
97%
Turkey239499.06839.9086141.27694420691Erzurum
97%
Vietnam201423.21518.67336105.69232163759Vinh
97%
Argentina503011.117-38.95161-68.0591242092Neuquen
97%
Ukraine391674.02946.490016330.710001181110000Odessa
97%
China165830.1126.24861117.61861209444Sanming
97%
India168325.14216.8543874.56417601214Sangli
97%
United States264518.90641.25861-95.93779408958Omaha
97%
China218417.30626.07999595119.30004593925000Fuzhou
97%
Canada675973.1451.08299176-114.07999821420000Calgary
97%
Canada176492.92556.24988-120.8529217402Fort St. John
97%
Myanmar246384.12219.74596.12972925000Naypyidaw
97%
India248844.25616.5199593380.630003211760000Vijayawada
97%
China202214.32743.6475111.9766716427Erenhot
97%
United States300540.77735.47004295-97.518683511090000Oklahoma City
97%
United States512173.9629.99500246-90.039966881010000New Orleans
97%
Iran1913195.06135.6719427751.4243440313700000Tehran
97%
United States166275.31744.05207-123.08675156185Eugene
97%
Turkey292260.11341.2866736.33394050Samsun
96%
India221038.63722.7875354286.197518681540000Jamshedpur
96%
Ecuador155408.291-0.46645-76.9871948144Puerto Francisco de Orellana
96%
Cambodia177346.84813.52586105.968325000Stung Treng
96%
Colombia185526.817-0.19337-74.781899098Puerto Leguizamo
96%
United Arab Emirates152015.26323.1435553.788110000Muzayri`
96%
Indonesia206917.2815.180197.150788974Lhokseumawe
96%
India164531.1421.4583.96667162887Sambalpur
96%
Sweden191513.24162.3912917.306348463Sundsvall
96%
Peru3130652.497-12.04801268-77.050062099950000Lima
96%
China248896.55221.99102100.7340962105Jinghong
96%
South Africa4483581.151-26.1700447428.0300097213400000Johannesburg
96%
Ethiopia193331.9287.6666736.83333128306Jima
96%
Peru413894.404-8.37915-74.55387310750Pucallpa
96%
Iran222488.94127.186556.2808352173Bandar 'Abbas
96%
Vietnam296245.63912.24507109.19432283441Nha Trang
96%
South Africa210881.993-27.7579629.9318404838Newcastle
96%
Brazil193016.172-8.16139-70.7655616526Tarauaca
96%
China331020.926.58004295106.72003862875000Guiyang
96%
Japan247814.7824.34478124.1571744802Ishigaki
96%
Indonesia313227.65-8.650028871115.21998491500000Denpasar
96%
United States308857.54829.48733319-98.507305342050000San Antonio
96%
Colombia321849.22312.58472-81.7005658257San Andres
96%
Cameroon201778.673.86670066211.516650762725000Yaoundé
96%
China161570.71340.08001996113.29999871520000Datong
96%
Mozambique449562.335-19.8436134.83889530604Beira
96%
Botswana159089.79-21.1699527.5078889979Francistown
96%
Togo171912.2866.1319370721.2227571191820000Lomé
96%
Botswana157947.687-21.4149425.5926318136Letlhakane
96%
Iraq158481.29131.0579946.25726400249An Nasiriyah
96%
Myanmar186074.87114.0737598.19423136783Dawei
96%
Zambia373081.564-17.8419425.85425109203Livingstone
96%
United States154010.15938.08723-102.620757804Lamar
96%
United States204484.07345.4647-98.4864826091Aberdeen
96%
South Africa272571.244-33.96322.46173174582George
96%
China159206.78640.83000002114.92997681190000Zhangjiakou
96%
Turkey193704.72238.7349599435.490019491060000Kayseri
96%
Venezuela186715.5948.62261-70.20749353442Barinas
96%
Iran228854.09133.5958656.9243749993Tabas
96%
South Africa154241.619-28.7830132.03768252968Richards Bay
96%
Botswana245819.22-24.6545125.90859208411Gaborone
96%
Japan247043.69228.36667129.4833341365Naze
96%
Somalia408847.73-0.3581742.54536234852Kismayo
96%
Indonesia344134.234-3.31987114.59075572837Banjarmasin
96%
Brazil199830.127-9.01528-42.6994419569Sao Raimundo Nonato
96%
Azerbaijan166321.97640.6827846.36056313300Ganja
96%
China387630.46240.65220725109.82201982150000Baotou
96%
Thailand1533224.50713.74999921100.516644716900000Bangkok
96%
India253112.00322.494969388.3246756616000000Kolkata
96%
Argentina274513.651-27.46056-58.98389387158Resistencia
96%
Malaysia1006537.9153.166665872101.69998337000000Kuala Lumpur
96%
Argentina162498.863-26.78522-60.4387681879Presidencia Roque Sáenz Peña
96%
Indonesia573285.764-7.249235821112.75083334700000Surabaya
96%
Brazil223551.161-7.63111-72.6779819Cruzeiro do Sul
96%
Nigeria340207.5639.0833331497.5333280022825000Abuja
96%
Cambodia238186.41913.10271103.19822150444Battambang
96%
Ecuador272263.705-0.214988181-78.500051112550000Quito
96%
Iran375760.34629.496360.8629551980Zahedan
96%
Thailand292415.20718.7903898.98468200952Chiang Mai
96%
Benin201615.52311.134172.93861109701Kandi
96%
New Zealand176841.371-39.06667174.0833349168New Plymouth
96%
Peru483603.678-8.11599-79.02998747450Trujillo
96%
New Zealand2161298.837-36.850013174.76498081470000Auckland
96%
Japan626638.19226.20717165127.67297161190000Naha
96%
Thailand152501.28719.9085899.832578756Chiang Rai
96%
Nigeria6366857.3866.4432616533.39153107117100000Lagos
96%
Philippines179205.61417.61306121.72694115105Tuguegarao City
96%
Vietnam169450.77713.77648109.22367210338Qui Nhon
96%
Laos218026.22219.88601102.1350347378Luang Prabang
96%
Mozambique217376.391-23.8597235.34722119868Maxixe
96%
Peru198545.671-12.06513-75.20486376657Huancayo
96%
Colombia157034.711.33667-71.951114864Miraflores
96%
Brazil268858.374-6.66028-69.8736117175Eirunepe
96%
United States566419.64544.97997927-93.251786343050000Minneapolis
96%
Zimbabwe975717.07-17.8177896931.044709432325000Harare
96%
Peru248968.248-9.93062-76.24223147959Huanuco
96%
Qatar191406.70225.2865560151.532967892025000Doha
96%
India169446.34125.2444686.97183361548Bhagalpur
96%
Colombia152982.7367.08471-70.7590869264Arauca
96%
Argentina158217.734-37.32167-59.13316104325Tandil
96%
Nigeria310918.0954.8100022577.0100007722075000Port Harcourt
96%
China156364.41340.81997479111.65999551780000Huhehot
96%
Mexico562347.53231.69037701-106.49004811440000Ciudad Juárez
96%
Colombia159669.6592.57286-72.6459122136San Jose del Guaviare
96%
United Arab Emirates855742.40225.2299961555.279974323925000Dubai
96%
South Africa501779.528-29.86501330.980010543225000Durban
96%
United Arab Emirates163830.13524.1102852.7305616000Ar Ruways
96%
Burkina Faso628381.90512.37031598-1.5247237562100000Ouagadougou
96%
Sweden162140.68763.179214.6356642940Ostersund
96%
Côte d'Ivoire275742.2367.69385-5.03031567481Bouake
96%
Mexico165728.33828.70007-100.52353150178Piedras Negras
96%
Indonesia185239.6432.480396.380115000Sinabang
96%
Indonesia342000.3693.57997397898.650040243425000Medan
96%
United States169462.83642.00833-91.64407126326Cedar Rapids
96%
United States197867.81645.67965-111.0385637280Bozeman
96%
Vietnam748087.44210.78002545106.69502728250000Ho Chi Minh City
96%
Finland151647.65761.4991123.78712202687Tampere
96%
Peru228719.532-14.06777-75.72861246844Ica
96%
Colombia208238.6691.21361-77.28111382236Pasto
96%
Mexico166771.02229.56444-104.4163922744Manuel Ojinaga
96%
New Zealand490692.689-41.28664174.77557381900Wellington
96%
Russia171408.49543.5991739.72569327608Sochi
96%
United States262150.43443.54997-96.70033153888Sioux Falls
96%
Turkmenistan224349.91637.5937861.83031114680Mary
96%
Ecuador164110.187-0.96212-80.71271183166Manta
96%
Sweden272777.53763.8284220.2597274005Umea
96%
South Africa178255.268-31.5889328.7844378663Mthatha
96%
Colombia201664.1123.86528-67.923897298Inirida
96%
Burkina Faso155691.60512.073051.7883826013Diapaga
96%
Mozambique456805.973-25.9552774932.589162962200000Maputo
96%
Argentina343718.263-38.00228-57.55754553935Mar del Plata
96%
Benin277140.3799.708531.66598237040Djougou
96%
Niger414968.00313.516705952.1166560451120000Niamey
96%
Nigeria219335.2816.3404773145.6200080961480000Benin City
96%
Ecuador994788.188-2.220033754-79.920041953000000Guayaquil
96%
Colombia150011.5555.71434-72.93391126551Sogamoso
96%
Argentina517173.097-26.82414-65.2226781023San Miguel de Tucuman
96%
Venezuela519616.8110.72997683-71.659977662475000Maracaibo
96%
Kenya293904.759-0.4527539.6460167861Garissa
96%
Argentina242429.277-27.36708-55.89608312060Posadas
96%
South Africa1261453.896-33.9200109718.434988164125000Cape Town
96%
India259369.9226.7100488.42851515574Shiliguri
95%
Honduras234946.00515.50002159-88.029986211110000San Pedro Sula
95%
Liberia359117.2946.31055666-10.804751631340000Monrovia
95%
China242237.6423.36306104.25047450000Wenshan City
95%
Kenya308766.04-4.04002602239.689918171120000Mombasa
95%
Argentina151559.804-31.5375-68.53639447048San Juan
95%
Dominican Republic938446.42718.47007285-69.900085083650000Santo Domingo
95%
Ghana200907.6676.689990864-1.6300144872675000Kumasi
95%
China514422.59622.81998822108.32004433200000Nanning
95%
China211224.66129.2588.8833380000Rikaze
95%
United States398243.04318.44002301-66.129979292150000San Juan
95%
United States219779.78141.58746-109.202923036Rock Springs
95%
Indonesia259373.67-6.966617412110.42001952050000Semarang
95%
Tanzania276518.455-5.0162232.82663145292Tabora
95%
Tanzania177665.065-6.8210237.66122250902Morogoro
95%
India433090.31717.7300146783.304982051980000Vishakhapatnam
95%
Oman380742.53923.6133248158.593312131180000Muscat
95%
Morocco203288.87631.6299931-7.9999874281060000Marrakesh
95%
Tanzania150542.551-1.533.8121119Musoma
95%
São Tomé and Príncipe163072.6381.637267.417831156Santo Antonio
95%
Iran737480.52836.2700199659.56999673075000Mashhad
95%
Tanzania226749.06-7.9666731.6166789161Sumbawanga
95%
Tanzania189379.207-6.3437931.0695173338Mpanda
95%
Kenya215265.6933.1191135.5972720219Lodwar
95%
Nigeria182593.1877.74118.5121292645Makurdi
95%
Russia262009.84542.9763847.50236497959Makhachkala
95%
Kenya182178.0383.9372641.8568836076Mandera
95%
Chile162328.133-35.4264-71.65542197479Talca
95%
Chile1139634.514-33.45001382-70.667040857050000Santiago
95%
São Tomé and Príncipe256748.1390.336546.7273253300Sao Tome
95%
China353662.49129.6591.1118721Lhasa
95%
Canada159383.63450.05006-110.6683463138Medicine Hat
95%
Bangladesh181485.55524.37488.60114700133Rajshahi
95%
Russia245711.19543.10562131.87353587022Vladivostok
95%
Kenya667985.479-1.28334674236.816656865200000Nairobi
95%
Philippines263393.3356.91028122.07389457623Zamboanga
95%
Georgia156129.70242.2679142.69459178338K'ut'aisi
95%
Tanzania561701.59-8.933.45291649Mbeya
95%
Myanmar273812.16625.3864197.3943990894Myitkyina
95%
Kenya225679.1263.521639.0547234314Moyale
95%
Canada387329.15354.51634-128.6034519443Terrace
95%
Ghana185776.5354.88447-1.75536232919Takoradi
95%
Tanzania315243.535-2.5166732.9436801Mwanza
95%
Tanzania186174.641-4.8162934.7435862432Singida
95%
Canada312781.77246.1351-60.1831105968Sydney
95%
China187514.66124.28000246109.25001341920000Liuzhou
95%
New Zealand305554.863-43.53333172.63333363926Christchurch
95%
China152050.69725.2799931110.2800281200000Guilin
95%
Saudi Arabia262726.99127.5218841.69073267005Hayil
95%
Mexico205954.01527.48642-109.94083258162Ciudad Obregon
95%
Chile320747.913-29.95332-71.33947161317Coquimbo
95%
Chile295215.389-27.36679-70.3314129280Copiapo
95%
Philippines151841.8336.05222121.00222101002Jolo
95%
Afghanistan320375.51734.3481762.19967272806Herat
95%
Norway305772.19260.392995.32415213585Bergen
95%
United States249266.38443.46658-112.0341456813Idaho Falls
95%
India357383.8320.2704280885.827360391730000Bhubaneswar
95%
India151716.18319.3115184.7929324726Brahmapur
95%
New Zealand155176.917-42.46667171.29419Greymouth
95%
Saudi Arabia330431.05526.3259943.97497391336Buraydah
95%
Tanzania2453109.533-6.80001259539.268341845300000Dar es Salaam
95%
Philippines402826.357.110016906125.62999551340000Davao
95%
Uganda243078.7592.7745732.29899146858Gulu
95%
South Sudan513663.3294.8516531.58247300000Juba
95%
Canada277347.08453.55002464-113.49998191270000Edmonton
95%
Algeria196071.07433.356086.86319134699El Oued
95%
Australia391762.636-10.42172105.67912500Flying Fish Cove
95%
India302940.15726.1600169191.769995081060000Guwahati
95%
United States218271.24246.78327-92.1065886265Duluth
95%
United States167820.86548.55-109.684099310Havre
95%
India210081.60627.4798994.90837122155Dibrugarh
95%
Bangladesh1425504.24123.7230597190.4085794717600000Dhaka
95%
Tanzania224345.56-6.1722135.73947180541Dodoma
95%
Burkina Faso154321.50714.0354-0.034537806Dori
95%
Guinea288163.82610.38542-9.30568114009Kankan
95%
Ghana195021.24111.0616-0.2416856830Bawku
95%
United States296671.17939.06387-108.5506558566Grand Junction
95%
Somalia174797.3522.3446442.2764442240Baardheere
95%
Somalia198647.7463.1138343.6498129839Baidoa
95%
China211469.76123.89972106.6133390603Baise City
95%
Tanzania176386.369-7.7666735.7111820Iringa
95%
United States215719.93847.50024-111.3008158505Great Falls
95%
Tanzania230842.806-3.3666736.68333341136Arusha
95%
Libya209367.80329.1080621.286946610Awjilah
95%
Peru702329.952-3.74912-73.25383437620Iquitos
95%
Turkmenistan260499.21339.5107554.3671387822Balkanabat
95%
Kazakhstan306904.46843.6480651.17222147443Aktau
95%
Côte d'Ivoire156234.6576.72972-3.49639104020Abengourou
95%
Ghana411511.2535.550034606-0.216715744575000Accra
95%
Côte d'Ivoire832256.0965.319996967-4.040048265050000Abidjan
95%
Myanmar201842.17322.935997.7498131016Lashio
94%
Ethiopia250017.28311.1333339.63333136056Dese
94%
Libya238708.98330.133669.500727000Ghadamis
94%
Gabon405212.1060.392419.45356578156Libreville
94%
Ethiopia186219.4617.0620538.47635133097Hawassa
94%
Ethiopia1530976.0333337.5569622Arba Minch'
94%
Nicaragua342289.4512.15301658-86.268491661340000Managua
94%
Nigeria833706.14911.999976838.52003784125000Kano
94%
United States335439.08946.87719-96.7898105549Fargo
94%
Iran330642.30532.7000053151.70003782750000Isfahan
94%
Canada251820.30249.78334-92.750328195Dryden
94%
China303071.7143.96667116.03333120965Xilin Hot
94%
India159226.68623.7289492.71791265331Aizawl
94%
Saudi Arabia150790.79724.5077244.3923754474Ad Dawadimi
94%
Chile304116.711-41.46574-72.94289160054Puerto Montt
94%
Libya151470.71330.7554520.22626134358Ajdabiya
94%
Saint Vincent and the Grenadines161280.0813.15872-61.2247524518Kingstown
94%
Cameroon605367.8924.0604097699.7099910062825000Douala
94%
Algeria212509.35631.949325.32502129402Ouargla
94%
Eritrea436607.85715.3380538.93184563930Asmara
94%
Brazil242722.247-7.5325-46.0355668056Balsas
94%
Myanmar174205.20820.1462492.89835177743Sittwe
94%
United States459731.02743.6135-116.20345145987Boise
94%
Botswana349449.547-19.9833323.4166749945Maun
94%
China211514.13518.24306109.505144753Sanya
94%
India172597.05724.8080593.9442223523Imphal
94%
Nigeria342066.72613.060925.23902563861Sokoto
94%
Equatorial Guinea166380.7811.863919.76582173046Bata
94%
Niger202261.36714.88885.269280425Tahoua
94%
Chile415754.346-36.72494-73.11684252968Talcahuano
94%
Libya652053.6132.1148620.06859650629Benghazi
94%
Mexico194292.52825.79116-108.99463214601Los Mochis
94%
Ethiopia211996.10413.4966739.47528215546Mekele
94%
Myanmar443796.12321.9699884296.085028851400000Mandalay
94%
Argentina169900.027-37.37809-70.2708511721Chos Malal
94%
Nigeria173327.0619.916678.9816824Jos
94%
Kenya177266.5992.3283937.9898615361Marsabit
94%
Turkmenistan214206.11137.9499949358.383299111160000Ashgabat
94%
North Korea225720.46341.79556129.77583327000Chongjin
94%
Bangladesh210094.21822.3299922991.799967414525000Chittagong
94%
El Salvador174898.78913.71000165-89.203041221820000San Salvador
94%
Venezuela1025341.84310.50099855-66.917037193700000Caracas
94%
Honduras177694.34614.1020449-87.217529341090000Tegucigalpa
94%
Chile228236.126-38.73965-72.59842238129Temuco
94%
China370187.1320.05000226110.32002561800000Haikou
93%
Australia217714.904-28.18333116.733334822Melville
93%
Myanmar159264.81516.4905197.62825438861Mawlamyine
93%
Guyana174667.1978.2-59.78333717Mabaruma
93%
Mexico627882.74820.96663881-89.616633551070000Mérida
93%
United States199094.83446.40834-105.840568410Miles City
93%
China508316.52845.74998395126.64998495150000Harbin
93%
Libya187177.06132.3753515.09254386120Misratah
93%
Australia172894.152-33.58303120.046881101Ravensthorpe
93%
United Kingdom152647.94158.21901-6.3880318500Stornoway
93%
Brazil425582.794-12.15278-44.99158292Barreiras
93%
Brazil182533.581-9.07444-44.3586112666Bom Jesus
93%
Democratic Republic of the Congo189788.0391.5594130.2522496764Bunia
93%
Yemen861649.86615.354733344.206593382475000Sana'a
93%
Democratic Republic of the Congo246555.0890.1416429.29117154621Butembo
93%
Cameroon215073.3725.9526610.15824393835Bamenda
93%
Libya513224.84732.8925000213.180011761110000Tripoli
93%
Australia276816.567-35.0031117.8659533650Albany
93%
Sudan191127.35614.0349335.38344363945Al Qadarif
93%
Norway235903.77662.472256.1549244096Alesund
93%
China217289.91930.81999086108.40003941020000Wanzhou
93%
Sudan165363.34214.4011833.51989332714Wad Medani
93%
Guatemala167089.51916.91321-89.9086830764San Benito
93%
Mexico276432.51518.51138-88.301134412Chetumal
93%
Australia347451.633-33.86013121.882597888Esperance
93%
Eritrea152370.04413.9308841.693811259Edd
93%
China237858.06827.93557109.59961370000Fenghuang
93%
Australia371265.468-28.77897114.6145926872Geraldton
93%
United States188750.16448.19696-106.636713250Glasgow
93%
Tajikistan225505.26738.1702373.9667410815Murghob
93%
Australia2729574.84-31.95501463115.83999872075000Perth
93%
Brazil197590.314-22.22111-54.80556162202Dourados
93%
Mexico168423.03925.03371-111.6599139915Ciudad Constitucion
93%
Mexico340870.18328.63528-106.08889809232Chihuahua
93%
Paraguay305217.934-25.50972-54.61111320782Ciudad del Este
93%
Panama246428.9168.42729-82.4308582859David
93%
Brazil190585.248-14.09306-46.3694420003Posse
93%
China256167.96944.58333129.6665915Mudanjiang
93%
United States934666.25739.73918805-104.9840163525000Denver
93%
France189641.116.27095-61.5045163058Les Abymes
93%
Nigeria159235.90910.520015487.4400003651680000Kaduna
93%
Australia542092.432-30.74614121.474231107Kalgoorlie
93%
Sudan272082.64115.4509936.39998401477Kassala
93%
Uganda503338.3250.31665895532.583323533025000Kampala
93%
Australia244419.615-34.72625135.8744213044Port Lincoln
92%
India604730.92311.6666792.75112050Port Blair
92%
Somalia189019.7398.4773847.3597160100Laascaanood
92%
Pakistan426511.64930.2200016567.024993851180000Quetta
92%
Mexico409683.84924.80737-107.39734582469Culiacan
92%
France238826.95946.77914-56.17736200Saint-Pierre
92%
China272418.97629.56497703106.59498167050000Chongqing
92%
Iran169833.57736.212657.68191226183Sabzevar
92%
Canada341212.29848.95001-57.9520218693Corner Brook
92%
Ethiopia162890.53811.7329241.08226370Dubti
92%
Ethiopia256322.6068.2534.5833342366Gambela
92%
Afghanistan370269.07634.5166902969.183260053725000Kabul
92%
Australia153063.403-31.48094118.274482668Merredin
92%
Uganda162585.902-0.6046730.6485197500Mbarara
92%
Afghanistan250575.3436.7090467.11087303282Mazar-e Sharif
92%
Guatemala1059756.95614.62113466-90.526965583000000Guatemala City
92%
China4000000023.1449813113.325010147700000Guangzhou
92%
Afghanistan156009.52636.7289668.857161902Kunduz
92%
South Sudan173160.498.3017930.1417910486Leer
92%
Ethiopia154154.8097.0166739.9833334369Goba
92%
Australia161822.18-37.8318140.7791923209Mount Gambier
92%
Tajikistan305294.21638.5357568.77905679400Dushanbe
92%
Trinidad and Tobago202251.36210.51667-61.4166767433Chaguanas
92%
Argentina229175.566-40.81345-62.9966848940Viedma
92%
Democratic Republic of the Congo152923.5483.0371629.5355124516Watsa
92%
Brazil200397.539-7.19111-48.20722105019Araguaina
92%
Uganda156679.3033.0201330.9110555585Arua
92%
Norway392027.2563.4304910.39506147139Trondheim
92%
Australia205759.158-33.03268137.5648419645Whyalla
92%
Australia655303.619-34.93498777138.60000481300000Adelaide
92%
Tanzania167833.963-4.8769429.62667164268Kigoma
92%
Rwanda376642.555-1.95359006930.060531781000000Kigali
92%
Sudan152999.92711.456231.228521790Abu Jibeha
92%
Sudan238906.52311.789134.3592186051Ad-Damazin
92%
Ethiopia987453.2649.03331036338.700004433475000Addis Ababa
92%
Ethiopia173896.17710.0666734.5333330512Asosa
92%
Sudan1606963.11915.5880782332.534179245550000Khartoum
92%
Tanzania152442.616-1.3316731.8122270628Bukoba
92%
Burundi175916.973-3.382229.3644331700Bujumbura
92%
Venezuela202998.8744.60226-61.1102529795Santa Elena de Uairén
92%
China343132.41939.4547275.97972274717Kashi
92%
Venezuela165349.9669.74569-63.18323410972Maturin
92%
China158838.79638.4166777.2405682509Shache
92%
Sudan264688.80813.162932.66347345068Kosti
92%
Ethiopia309252.28211.5936437.39077168899Bahir Dar
92%
Venezuela241896.16910.13333-64.7424795Barcelona
92%
Yemen177254.69313.5795244.02091615222Ta`izz
92%
Oman150410.09722.5666759.5288971152Sur
92%
India295338.89113.0899878180.2799987410000000Chennai
92%
Venezuela522005.0288.35122-62.64102746535Ciudad Guayana
92%
Sri Lanka155914.5699.6684580.00742169102Jaffna
92%
India175147.0019.92002626478.120027221640000Madurai
92%
South Sudan386553.6069.5334231.66048160765Malakal
92%
Kyrgyzstan167012.57241.4286675.9911152300Naryn
91%
United States593815.2145.78329-108.50069104170Billings
91%
Bolivia208259.115-20.03849-63.5183327961Camiri
91%
Somalia211563.82610.6161647.3679533853Ceerigaabo
91%
Libya191840.40531.2089216.58866128123Sirte
91%
Bolivia542079.297-17.75391762-63.225996341860000Santa Cruz
91%
Somalia248891.8734.7358345.2036155410Beledweyne
91%
Saudi Arabia361787.56118.342.73333387553Khamis Mushait
91%
Kazakhstan159568.51542.971.36667358153Taraz
91%
Bolivia282552.44-21.53549-64.72956159269Tarija
91%
Bolivia203690.439-19.03332-65.26274224838Sucre
91%
Malawi515762.166-13.9832950733.783301961070000Lilongwe
91%
Bolivia209900.476-14.81667-66.8519640San Borja
91%
Pakistan156468.79726.227166.311120119Bela
91%
Somalia245979.1679.5644.065477876Hargeisa
91%
Bolivia233800.083-17.41001097-66.169976851200000Cochabamba
91%
Malawi277880.084-11.4655634.02071175345Mzuzu
91%
Ethiopia171257.7829.1703135.8349131809Gimbi
91%
Finland400569.50865.0123625.46816128618Oulu
91%
France229488.15514.60892-61.0733489995Fort-de-France
91%
Uzbekistan202578.94240.998371.67257432456Namangan
91%
Somalia369280.6976.7697247.4308361200Gaalkacyo
91%
Afghanistan199140.86731.6133265.71013391190Kandahar
91%
Djibouti432179.05611.5890143.14503623891Djibouti
91%
Brazil165907.596-8.25778-49.2647227115Conceição do Araguaia
91%
Sri Lanka682701.4186.93196575879.857750614675000Colombo
91%
Bolivia1078910.821-16.49797361-68.149985191890000La Paz
91%
Mexico225994.70524.1423-110.31274171485La Paz
91%
Ethiopia241417.789.5930641.86611252279Dire Dawa
91%
Uzbekistan754277.27741.3117018869.294932822650000Tashkent
91%
Barbados339927.30213.1-59.6166798511Bridgetown
91%
Pakistan269989.7726.0022863.0439975694Turbat
91%
Algeria351131.87829.263880.2309849237Timimoun
91%
Saudi Arabia177186.36220.0128841.4676788419Al Bahah
91%
Sri Lanka155718.518.571181.2335108420Trincomalee
91%
Kazakhstan159265.24343.3333368.2597360Turkestan
91%
India179041.7478.485576.94924784153Thiruvananthapuram
91%
France345229.275-12.7823445.2287854831Mamoudzou
90%
United States162977.8348.23251-101.2962740888Minot
90%
Guinea160201.7110.66667-14.661527Kamsar
90%
Gabon182517.8450.5738112.8641913571Makokou
90%
United States304716.36846.80833-100.7837461272Bismarck
90%
Brazil189555.374-13.44083-49.1486132758Porangatu
90%
Chile200258.18-22.45591-68.93015143084Calama
90%
Bolivia172631.081-13.28333-64.716674389San Ramon
90%
Gabon242990.193-1.8684611.0559422469Mouila
90%
Haiti257351.95518.5410246-72.336034592850000Port-au-Prince
90%
Bolivia214145.484-16.36667-60.9523569San Ignacio de Velasco
90%
Iran254815.46527.2024560.68476131232Iranshahr
90%
Bolivia313185.214-14.83333-64.984259Trinidad
90%
South Africa157925.297-31.6683318.5011914806Vredendal
90%
Iran170598.81225.291960.64347287Chabahar
90%
Mozambique173101.912-13.3127835.24056109839Lichinga
90%
Afghanistan158751.68832.3745162.1163843561Farah
90%
Chile244454.897-20.22036-70.13913227499Iquique
90%
Brazil227829.581-15.89-52.2566752398Barra do Garcas
90%
Gabon286277.298-1.6333313.5835742967Franceville
90%
Democratic Republic of the Congo156011.166-1.0604617.182115000Lukolela
90%
Morocco164966.84528.98696-10.0573898229Guelmim
90%
Pakistan235156.94528.5833365.4166730841Kharan
90%
Bolivia182216.88-15.7-63.0833314429Ascension
90%
Algeria163601.65532.490943.6734793423Ghardaia
90%
Brazil203061.482-13.08271-62.2772637949Posto Fiscal Rolim de Moura
90%
Afghanistan211155.01335.9213964.7836175900Maymana
90%
Republic of the Congo188991.564-0.4819315.8998823952Owando
90%
United States154144.19348.14697-103.6179714716Williston
90%
Equatorial Guinea227553.57-1.401395.63254433Pale
90%
Brazil449533.304-9.97472-67.81257642Rio Branco
89%
Bolivia222698.3-11.00654-66.0631274014Riberalta
89%
Democratic Republic of the Congo211507.019-4.3311220.58638107093Ilebo
89%
Angola243706.421-12.364413.53601207932Lobito
89%
Democratic Republic of the Congo1781875.057-4.32972410215.3149718810600000Kinshasa
89%
Iran180632.72331.030661.4949121989Zabol
89%
Democratic Republic of the Congo267226.038-5.0409818.81619186991Kikwit
89%
Angola191262.135-9.2978214.91162383100N'dalatando
89%
Angola549102.336-8.83828611413.234427046800000Luanda
89%
Morocco398237.12830.43998822-9.6200435811090000Agadir
89%
Angola159253.74-9.5401516.3409687046Malanje
89%
Angola187535.232-7.6087415.0613160008Uige
89%
Republic of the Congo383663.518-4.7760911.86352659084Pointe-Noire
89%
United States171277.24144.29109-105.5022229087Gillette
89%
Namibia187779.779-28.5516.433338496Oranjemund
89%
Namibia296250.021-26.6480615.1594415137Luderitz
89%
Zambia288346.669-10.2128931.1808491056Kasama
89%
Democratic Republic of the Congo230801.19-6.4783316.8173520060Kasongo-Lunda
89%
Angola240458.615-11.7833319.9166721115Luena
89%
Oman297247.85219.9593156.275751294Hayma'
89%
Uzbekistan217443.8839.7747264.42861247644Bukhara
89%
Angola361649.559-9.6607820.3915540498Saurimo
89%
Angola395232.714-12.7761115.73917226145Huambo
89%
South Africa229845.63-29.6643417.886510438Springbok
89%
Republic of the Congo163741.6371.6480614.580563113Sembe
89%
Algeria237361.63427.67111-8.1474445966Tindouf
89%
Democratic Republic of the Congo187944.417-6.4162120.79995267462Tshikapa
89%
Uzbekistan200463.17939.6541766.95972319366Samarqand
89%
Democratic Republic of the Congo248494.728-3.3168717.38063118211Bandundu
89%
Democratic Republic of the Congo208257.561-5.7994913.44068180109Matadi
89%
Gabon151526.1891.599511.5793330870Oyem
88%
Sweden167177.41165.5841522.1546545551Lulea
88%
Central African Republic236517.9084.2611615.7921661815Berberati
88%
Mali251417.85414.44693-11.4444878406Kayes
88%
Australia582514.703-42.87936147.32941216656Hobart
88%
Morocco241610.74627.16224-13.20315196331El Aaiún
88%
Saudi Arabia332424.78424.4999890339.58000241340000Medina
88%
Senegal162538.5114.85-15.88333529176Touba
88%
Republic of the Congo174964.1321.6180418.0598120859Impfondo
88%
Côte d'Ivoire196923.3979.50511-7.5643349857Odienne
88%
Senegal267235.84513.77073-13.6673478800Tambacounda
88%
Republic of the Congo211597.8551.6136116.0516723915Ouesso
88%
Saudi Arabia163983.9323.906542.9172440648`Afif
88%
Finland166890.28165.9666729.1833317400Kuusamo
88%
Senegal1800938.97314.71583173-17.473130133300000Dakar
88%
Mauritania263459.70416.14653-13.5047455374Kaedi
88%
Guinea-Bissau331646.59811.86357-15.59767388028Bissau
88%
United States191091.76744.36832-100.3509713646Pierre
88%
Spain202416.73928.96302-13.5476959127Arrecife
88%
Morocco159132.47926.73841-11.6719442056Smara
88%
Mauritania214707.88618.55644-11.427156000Tidjikja
87%
United States228194.49242.86663-106.3130855316Casper
87%
Saudi Arabia314774.72620.4606745.5779224097As Sulayyil
87%
Finland166267.86966.525.7166734781Rovaniemi
87%
China630938.92925.06998008102.67997513950000Kunming
87%
Côte d'Ivoire205967.3339.45803-5.62961167359Korhogo
87%
China151955.83926.5479101.70539461513Dadukou
87%
Maldives274965.6766.6220773.069989500Kulhudhuffushi
87%
United States169604.97543.02496-108.380110615Riverton
87%
Mali150253.84511.31755-5.66654144786Sikasso
87%
Tanzania197929.346-10.6833335.65126449Songea
87%
Afghanistan163587.44234.1073864.305215967Shahrak
87%
Kazakhstan227360.01648.0068470.7891813807Qarazhal
87%
Mozambique176692.859-12.9739540.51775108737Pemba
87%
Kazakhstan258866.35653.2143563.62463210000Kostanay
87%
Canada193217.09649.91684-74.365867563Chibougamau
87%
United States3852375.53221.30687644-157.85799791000000Honolulu
87%
Mozambique164542.207-14.5625740.68538224795Nacala
87%
Saudi Arabia847548.31421.5168894639.219197554225000Jeddah
87%
United States337384.18519.72972-155.0943263Hilo
87%
Mozambique165502.053-13.1255638.9997272279Montepuez
87%
Mozambique462921.256-15.1164639.2666388526Nampula
87%
Cape Verde195947.77216.6-22.917231Santa Maria
86%
Botswana244235.805-21.5666721.783339934Ghanzi
86%
Saudi Arabia172684.29717.492444.12766258573Najran
86%
Comoros245752.784-11.7021643.2550642872Moroni
86%
Mauritania190995.06416.6614-9.614912635'Ayoun el 'Atrous
86%
Sudan296348.07119.6174537.21644489725Port Sudan
86%
Kazakhstan305828.99546.8480674.99581364Balkhash
86%
Colombia314286.8431.19833-70.173335917Mitu
86%
Russia236139.54945.042841.9734363064Stavropol'
86%
Democratic Republic of the Congo265838.738-3.5210523.600568244Lodja
86%
Russia611177.32954.9899884273.399953571180000Omsk
86%
Brazil329499.584-5.095000388-42.78000921010000Teresina
86%
Mauritania230312.59216.61659-11.4045340281Kiffa
86%
Mexico186557.07930.41552-107.9116651356Nuevo Casas Grandes
86%
Botswana237076.781-23.998821.779624403Hukuntsi
86%
Brazil557968.823-15.59611-56.09667521934Cuiaba
86%
Brazil214654.902-18.50667-54.7630215Coxim
86%
Mongolia155448.31548.7566798.283899526Tosontsengel
86%
Democratic Republic of the Congo278179.337-0.2816320.8805332091Boende
86%
United States417192.18144.08054-103.2310167956Rapid City
85%
Cape Verde650488.43614.93152-23.51254113364Praia
85%
Mauritania405853.76918.08642702-15.975340411060000Nouakchott
85%
Brazil379281.42-7.21306-39.31528225230Juazeiro do Norte
85%
Tanzania301689.968-10.2666740.1833396602Mtwara
85%
Mauritania169295.14219.69694-14.4163911500Akjoujt
85%
Democratic Republic of the Congo477992.9480.0486518.26034184185Mbandaka
85%
Brazil190790.884-11.72917-49.0686164789Gurupi
85%
Democratic Republic of the Congo182226.9323.2565119.77234117639Gemena
85%
Canada232748.94250.45008-104.6178176183Regina
85%
Brazil227931.765-7.07694-41.4669457495Picos
85%
Brazil168973.656-5.17833-40.677552933Crateus
85%
China211295.99531.4767892.0572930000Nagqu
85%
Mauritania324487.08220.93098-17.0346572337Nouadhibou
85%
Côte d'Ivoire180936.8196.87736-6.45022215652Daloa
85%
Mauritania251535.34720.51686-13.0498624021Atar
85%
Brazil183896.943-16.47083-54.63556152912Rondonopolis
85%
China165214.92832.68109.01722132654Ankang
85%
Cape Verde267727.94616.89014-24.9804270611Mindelo
85%
Afghanistan162446.26432.9277566.6325313388Uruzgan
85%
Russia208966.51146.3077844.25583106971Elista
84%
Brazil209947.824-5.1875-37.34417202005Mossoro
84%
Brazil521490.443-10.16745-48.32766196272Palmas
84%
Brazil156200.436-7.02444-37.2892575Patos
84%
Yemen158608.42415.9378648.78641281At Tahalif
84%
Kazakhstan251139.77254.8727869.143200920Petropavlov
84%
United Kingdom174815.23821.46122-71.141883720Cockburn Town
84%
Brazil201000.941-10.91111-37.07167490175Aracaju
84%
Democratic Republic of the Congo745681.774-6.15002642923.599995891860000Mbuji-Mayi
84%
Brazil174801.209-9.40611-38.2147285350Paulo Afonso
84%
Brazil180596.24-2.90472-41.77667138008Parnaiba
84%
Kazakhstan382215.02252.2740177.00438329002Pavlodar
84%
Sudan278828.69917.7021733.98638107930Atbara
84%
Indonesia429169.4545.557795.3222250757Banda Aceh
84%
Brazil274737.983-9.39861-40.50083194650Petrolina
84%
Mongolia272722.17747.7416796.8444416240Uliastay
84%
Russia374028.14146.3496848.04076502533Astrakhan'
84%
Kazakhstan177142.11951.8065268.3599634797Atbasar
84%
Spain619787.80528.09973-15.41343381847Las Palmas de Gran Canaria
84%
Brazil192871.436-9.619995505-35.729974411110000Maceió
84%
Brazil417860.694-11.86417-55.5025116013Sinop
84%
Kazakhstan177793.24453.2824469.39692124444Kokshetau
84%
Brazil667233.678-12.9699719-38.479987433650000Salvador
84%
Portugal463209.43632.63333-16.9100847Funchal
84%
Russia150593.37255.2190475.9828425150Tatarsk
84%
Canada173822.451.2167-102.4676615669Yorkton
84%
Brazil1630074.743-8.075645326-34.915605513775000Recife
84%
Brazil175295.167-6.76694-43.022548587Floriano
84%
Brazil256392.554-5.780023174-35.240004311370000Natal
84%
Canada205015.44148.83341-64.4819414819Gaspe
83%
Canada157806.83751.46681-109.168184249Kindersley
83%
Mongolia241909.26749.03333104.0833379647Erdenet
83%
China161010.66734.38000612107.14998651000000Baoji
83%
China1240118.02630.67000002104.07001959600000Chengdu
83%
Sudan185924.43521.0666736.3166711095Gebeit
83%
Russia169588.74250.5994497.522781820Kungurtug
83%
Sudan232985.8818.5531.8519593Kuraymah
83%
Mongolia292664.60349.63417100.162527690Mörön
83%
China162081.16529.34162104.77689689961Zigong
83%
Canada161886.9650.28337-107.8013514703Swift Current
83%
Malaysia184696.6732.3111.81667198239Sibu
83%
Canada487195.11852.11679-106.63452198958Saskatoon
83%
Kazakhstan666491.28843.3249898576.915036171770000Almaty
83%
Maldives609988.5064.174873.50888103693Male
83%
China505060.67836.05602785103.79200032850000Lanzhou
82%
United States156802.89261.13083-146.348333976Valdez
82%
Brazil627204.639-3.750017884-38.579981323575000Fortaleza
82%
Sudan159376.78919.1666730.4833313473Dongola
82%
Cameroon282790.7159.3014213.39771436899Garoua
82%
Kazakhstan173123.07749.4128775.472868195Qarqaraly
82%
Niger175404.85513.807168.9881191424Zinder
82%
Mali920112.19312.65001467-8.0000391052950000Bamako
82%
Brazil285989.18-0.13028-67.0891715231Sao Gabriel da Cachoeira
82%
Canada210294.80655.10013-105.284223071La Ronge
82%
Cameroon219264.0137.3276513.58472231357Ngaoundere
82%
United States418271.83964.83778-147.7163931535Fairbanks
82%
New Zealand684055.906-43.95353-176.55973300Waitangi
82%
Brazil188558.966-3.68611-40.34972157996Sobral
82%
Kazakhstan574027.29349.8333373.1658451800Karagandy
82%
Russia290954.85257.9999597456.249992631100000Perm
81%
Russia183873.86152.517899.8252008Orlik
81%
Côte d'Ivoire236320.7624.74851-6.6363196751San-Pedro
81%
Russia34800854.7899747956.040031291120000Ufa
81%
Russia232936.86351.82721107.60627360278Ulan-Ude
81%
Mongolia839697.31747.9166734106.91661581300000Ulaanbaatar
81%
Kazakhstan369208.30247.7833367.76667104357Zhezqazghan
81%
China159321.63327.89642102.26342126787Xichang
81%
China182580.75630.05127101.96033100000Kangding
81%
China163921.28537.92672102.63202493092Wuwei
81%
Somalia1021181.2332.06668133445.366677611720000Mogadishu
81%
Russia195844.29155.1549912761.438668171400000Chelyabinsk
81%
Zambia396740.879-15.4166442728.283327592275000Lusaka
81%
Canada153748.17256.2501-117.285995340Peace River
81%
Australia709346.632-29.05459167.96628880Kingston
81%
China192008.93136.6199986101.77000481330000Xining
81%
Somalia198371.9545.350548.526812564Hobyo
81%
Sudan181818.7811.0333327.7333319997Al Mijlad
81%
Canada377827.27356.72676-111.3810376000Fort McMurray
81%
Somalia220928.3883.8487847.1806426562Ceeldheer
81%
Zambia181800.006-11.8343131.4528728445Mpika
81%
Argentina226600.999-24.7859-65.41166512686Salta
80%
Russia188271.30744.56039135.5700938424Dal'negorsk
80%
Kyrgyzstan195259.22842.8774.59900000Bishkek
80%
United States299693.39557.79-152.407226130Kodiak
80%
United States2134851.24961.21806-149.90028291826Anchorage
80%
Malawi239004.697-15.7849935.00854584877Blantyre
80%
Mozambique157661.446-16.1563933.58667129316Tete
80%
Sudan200788.64412.728.43333108008An Nuhud
80%
Democratic Republic of the Congo422444.753-11.680024827.480017451870000Lubumbashi
80%
Russia522030.29452.29778104.29639586695Irkutsk
80%
Zambia158229.13-14.2426431.325319296Petauke
80%
Zambia162612.558-11.1997628.8943142277Mansa
80%
Paraguay825124.013-25.29640298-57.641505172200000Asunción
80%
Sudan232865.23211.0166729.7166787666Kadugli
80%
Sudan484024.01911.4618626.12583264734El Daein
80%
Brazil352892.204-19.00917-57.6533396520Corumba
80%
Paraguay187102.14-23.40556-57.4402848123Concepcion
80%
Sudan254047.93213.6279325.34936252609El Fasher
80%
Sudan361932.61913.1842130.21669393311El Obeid
80%
Nigeria207794.17611.8499601413.160012981060000Maiduguri
79%
Madagascar409953.81-23.3543.66667115319Toliara
79%
Iceland1325274.52764.13548-21.89541118918Reykjavik
79%
Madagascar214438.732-18.149249.40234206373Toamasina
79%
Madagascar282025.058-20.2886944.3178236803Morondava
79%
Russia158352.19267.5641433.403161186Apatity
79%
Madagascar222583.128-16.1686449.7662241209Mananara
79%
Madagascar157889.294-19.948.839879Mahanoro
79%
Paraguay206245.013-19.91667-60.783331200Capitan Pablo Lagerenza
79%
Madagascar163798.807-23.5547.527000Vohipaho
79%
Madagascar150729.81-14.9003350.2787634112Antalaha
79%
Madagascar318457.704-25.1783846.0872266818Ambovombe
79%
Madagascar376415.432-15.7166746.31667154657Mahajanga
79%
Brazil370312.423-3.84028-32.410833012Fernando de Noronha (Distrito Estadual)
79%
Russia1018947.28256.8500299360.599959671600000Yekaterinburg
79%
Nigeria246039.75512.87111.0482125817Gashua
79%
Algeria162341.68127.87429-0.2938843903Adrar
79%
Russia247714.80753.4186159.04722413351Magnitogorsk
79%
Madagascar175764.691-21.4526747.08569167227Fianarantsoa
79%
Iceland249467.30165.68353-18.087817693Akureyri
79%
Madagascar1610906.01-18.9166373547.51662392225000Antananarivo
79%
Russia335615.64451.772755.0988550204Orenburg
79%
Iceland177281.05365.26687-14.394852303Egilsstadir
79%
Russia300479.74457.1522265.52722519119Tyumen
79%
Madagascar497946.863-12.278749.2917182937Antsiranana
79%
Cameroon174589.46310.5909514.31592319941Maroua
79%
Vanuatu224388.199-19.55169.266671437Isangel
79%
Kazakhstan281120.83150.2491566.9202742000Arkalyk
79%
Russia189917.00355.4565.33333343129Kurgan
79%
Madagascar188908.823-18.0635444.0295116000Maintirano
79%
Iceland201644.91666.07475-23.134982624Isafjoerdur
79%
Russia226344.19260.1304464.7889639878Uray
79%
Kazakhstan202626.3954577.91667200000Taldyqorghan
78%
Namibia172639.952-17.524.2666725027Katima Mulilo
78%
China364426.9841.1131280.26918340020Yingbazha
78%
Democratic Republic of the Congo256252.1642.7858224.7299850130Buta
78%
Kazakhstan154167.3154777.266674543Sayaq
78%
Zambia187088.261-14.7833324.814212Kaoma
78%
China158969.31138.93417100.4516796228Zhangye
78%
South Sudan216880.1264.5721328.3954940382Yambio
78%
Argentina241748.703-23.9-61.8510357Ingeniero Guillermo N. Juarez
78%
Russia159259.92459.409156.8204167748Berezniki
78%
Paraguay233468.812-22.35-60.033338048Filadelfia
78%
Libya231071.6929.161416.1390427590Waddan
78%
Suriname346543.0755.86638-55.16682223757Paramaribo
78%
Democratic Republic of the Congo345634.0082.7739127.61603127076Isiro
77%
Mali282935.10716.77348-3.0074232460Timbuktu
77%
Kazakhstan193194.98151.180171.44598345604Astana
77%
Guyana521689.4066.80448-58.15527235017Georgetown
77%
China331672.67847.35118130.30012743307Hegang
77%
Russia405991.42752.03171113.50087308500Chita
77%
Mali366080.44314.4843-4.18296108456Mopti
77%
Chad296259.2788.5666716.08333135167Moundou
77%
Russia152485.80961.6863653.69025205Ust'-Kulom
76%
Libya595147.93627.0376614.42832130000Sabha
76%
Angola159708.867-13.7833314.6833330300Caluquembe
76%
France160510.989-20.91687167.2646110375We
76%
France1457288.823-22.27631166.457293060Noumea
76%
Brazil489474.386-2.44306-54.70833189047Santarem
76%
Angola259162.542-14.9171713.4925102541Lubango
76%
Russia168084.63449.57903111.976384452Kyra
76%
Kazakhstan156471.60252.1901961.1989443104Dzhetygara
76%
Kazakhstan230221.57849.6338963.498065277Torghay
76%
Kazakhstan174516.4950.4267580.26669292780Semey
76%
Kazakhstan305790.72147.1166751.88333180000Atyrau
76%
Canada201771.01649.84692-99.9530626234Brandon
76%
France170626.171-20.93333165.333334885Poindimie
76%
Central African Republic208218.3656.3193316.3799240201Bozoum
76%
Australia249282.694-23.38032150.5059561724Rockhampton
75%
Angola264737.608-14.658517.6909932203Menongue
75%
Namibia250909.428-19.5666718.1166724099Grootfontein
75%
Mongolia158861.46846.26389102.77525622Arvayheer
75%
Canada619204.25349.8844-97.14704632063Winnipeg
75%
Mongolia506356.96144.67024102.1749127924Hovd
75%
Russia220538.44956.8943674.3709626986Tara
75%
Australia168860.029-23.52296148.157849398Emerald
75%
Australia294929.031-24.86621152.347970826Bundaberg
75%
Mongolia217612.74943.57083104.42515093Dalandzadgad
75%
Democratic Republic of the Congo183715.257-4.4274126.6665655118Kasongo
74%
Mongolia204178.93946.19444100.7180626252Bayanhongor
74%
Brazil198276.326-2.62833-56.7358364428Parintins
74%
Canada167927.79250.20011-66.3820822582Sept-Iles
74%
Brazil329244.93-0.97472-62.924177353Barcelos
74%
Brazil296119.109-4.88278-66.8958318059Carauari
74%
Brazil160442.898-0.41389-65.019174142Santa Isabel do Rio Negro
74%
Brazil649363.2082.81972-60.67333235150Boa Vista
74%
Russia200099.25458.1980768.25457113800Tobol'sk
74%
Russia194819.08561.0041769.0019467800Khanty-Mansiysk
74%
Russia190901.88259.6033460.578798438Serov
74%
Canada157342.28351.01676-93.833744366Red Lake
74%
Democratic Republic of the Congo328577.993-2.9437325.92237135698Kindu
74%
Brazil247322.803-4.27611-55.9836164756Itaituba
74%
Central African Republic209730.8085.0314425.1361414000Zemio
74%
Namibia182992.368-20.4636916.6477221224Otjiwarongo
73%
South Sudan210572.9846.8061929.6774232083Rumbek
73%
Central African Republic155633.1555.3958626.4921112887Obo
73%
Brazil179410.525-2.51389-66.0916716060Fonte Boa
73%
Canada234031.40360.00029-111.885432364Fort Smith
73%
Brazil173006.313-3.14306-58.4441764937Itacoatiara
73%
Brazil483408.757-2.515984681-44.265990851410000São Luís
73%
Brazil1294273.038-3.100031719-60.000017542075000Manaus
73%
Namibia268406.866-22.957514.5052852058Walvis Bay
73%
Namibia1141871.93-22.5594117.08323268132Windhoek
73%
Namibia175778.843-20.3666714.9666712021Khorixas
73%
Brazil191422.705-2.96667-47.4833369613Paragominas
73%
Mongolia222346.40145.7625106.2708315430Mandalgovi
73%
Brazil759008.537-8.76194-63.90389306180Porto Velho
73%
Brazil168716.369-7.51073-63.0280531206Humaita
73%
Namibia194169.402-22.4518.9666716321Gobabis
73%
Brazil192141.625-3.35021-64.7087944942Tefe
73%
Brazil268151.129-5.80917-61.3002814055Manicore
73%
Brazil238793.442-9.16667-60.6333326983Aripuana
73%
Namibia171311.782-24.6333317.9666713380Mariental
73%
Brazil184619.617-6.53389-64.383066320Canutama
73%
Brazil293190.864-4.085-63.1413950490Coari
73%
Brazil287744.153-6.22222-57.752781402Jacareacanga
73%
Russia1291813.75655.0299601482.960041871650000Novosibirsk
72%
Cameroon253182.5334.5772813.68459218111Bertoua
72%
Zambia205898.379-9.3450628.7339623693Nchelenge
72%
Russia224618.12558.3130682.9088927876Kolpashevo
72%
China170102.49345.6892885.1244193697Baijiantan
72%
China255203.79541.7605586.15231179465Sayibage
72%
Russia167422.73351.1833390.612593Ak-Dovurak
72%
Russia156968.74353.788481.342344564Kamen'-na-Obi
72%
Russia193075.03753.3605683.76361599579Barnaul
72%
Kazakhstan222395.23150.2796957.20718262457Aqtobe
72%
Chad294082.55811.029720.282728885Am Timan
72%
South Sudan451363.3837.7028627.9953127384Wau
72%
Kazakhstan233542.42451.2333351.36667200000Oral
72%
Russia206563.62956.4977184.97437485519Tomsk
72%
Chad261862.3139.142918.3923102528Sagh
72%
Kazakhstan198178.56248.0333348.927072Shalkar
71%
Central African Republic219764.868.4109120.6472811764Ndele
71%
Kazakhstan385477.63749.9714382.60586319067Ust-Kamenogorsk
71%
China194565.00241.7277882.9363968105Kuche
71%
Russia296798.06855.4475378.3218148308Kuybyshev
71%
Kazakhstan202382.93845.25582.487832930Dostyq
71%
Kazakhstan274005.85647.9644780.4343733479Ayagoz
71%
China316792.93426.86879100.220721137600Lijiang
71%
Somalia360516.17111.2842149.1815874287Bosaso
71%
Central African Republic253759.8586.9896119.1874456520Kaga Bandoro
71%
Australia189559.573-14.24029129.520921351Port Keats
70%
Central African Republic783809.5644.36664430618.558288131060000Bangui
70%
Australia259142.874-14.46517132.263475849Katherine
70%
Democratic Republic of the Congo165260.7791.2390923.6159843709Basoko
70%
Mali199228.41715.91822.40229110Menaka
70%
Yemen483318.83514.5424849.12424258132Al Mukalla
70%
Democratic Republic of the Congo606512.8530.5152825.19099539158Kisangani
70%
Oman598482.05917.0150554.09237163140Salalah
70%
Russia172809.90160.934476.5531244937Nizhnevartovsk
70%
Mauritania369608.73916.6162-7.253560000Nema
69%
Australia720242.041-12.46113130.84185129062Darwin
69%
United States872966.89458.30194-134.4197231275Juneau
69%
Papua New Guinea2086510.303-9.44314147.17972283733Port Moresby
69%
Papua New Guinea301706.147-6.72208146.9846976255Lae
69%
United Kingdom1296382.446-7.93333-14.41667538Georgetown
69%
Papua New Guinea298034.74-10.31509150.4574210025Alotau
69%
Kazakhstan435362.85544.8527865.50917300000Kyzylorda
69%
Australia336905.865-32.12156133.678661586Ceduna
69%
Australia268900.336-29.01415134.754951942Coober Pedy
69%
Niger491313.54518.6853212.916432291Bilma
69%
Russia349015.43561.6764250.80994230139Syktyvkar
69%
Australia228430.163-30.56305136.895464055Roxby Downs
69%
Chad223952.55814.1211615.310318031Mao
68%
China440611.37531.130497.1798286280Qamdo
68%
Canada271330.03160.71611-135.0537523272Whitehorse
68%
Kazakhstan191948.68945.6166763.3166770000Baykonyr
68%
Zambia159971.987-11.7358424.4292613798Mwinilunga
68%
Mozambique306294.891-17.8786136.88833188964Quelimane
68%
Brazil1129860.223-1.450003236-48.480023032150000Belém
67%
Russia218350.62264.897745.76554813Leshukonskoye
67%
Chad710982.1212.1130965415.049148311210000N'Djamena
67%
Zambia164339.759-13.5432323.104667074Zambezi
67%
Maldives494761.088-0.2987873.4240311140Fuvahmulah
67%
Brazil177830.438-1.68222-50.4802846473Breves
67%
Brazil187593.018-3.76611-49.672576337Tucurui
67%
Indonesia722344.946-10.1718123.6075282396Kupang
67%
Zambia408750.105-15.2483523.1274152534Mongu
67%
Brazil463941.759-5.52639-47.49167218106Imperatriz
67%
Brazil181048.223-5.36861-49.11778145860Maraba
67%
Russia271972.12153.7155691.42917167289Abakan
66%
Canada252604.58458.51688-117.136053621High Level
66%
Russia359960.42948.48272135.08379579000Khabarovsk
66%
Russia634608.49456.0139827792.866000531090000Krasnoyarsk
66%
Mali383225.62516.27167-0.0447287000Gao
66%
Russia226048.73153.755787.1099539616Novokuznetsk
66%
Mongolia189574.9649.9811192.0666728085Ulaangom
65%
China354495.94542.8339393.50601137072Hami
65%
Mali285439.14618.441111.4077811643Kidal
65%
Russia229916.78358.2358392.4827865945Lesosibirsk
65%
United Kingdom1917835.139-15.93872-5.71675637Jamestown
65%
Botswana224765.719-18.3653621.842195651Shakawe
65%
Russia229714.45562.1405665.3936152137Nyagan
64%
Russia192354.29346.54217138.329731109Svetlaya
64%
East Timor280132.636-8.55861125.57361150000Dili
64%
France330545.0594.93333-52.3333361550Cayenne
64%
New Zealand310059.869-45.87416170.50361114347Dunedin
64%
New Zealand176372.248-46.4168.3547287Invercargill
64%
Kazakhstan151840.81348.5551.7833313254Inderbor
64%
Mongolia262736.01948.0055691.6419430500Khovd
63%
China426206.52647.8486488.13361139341Altay
63%
Brazil288347.536-3.20333-52.2063970888Altamira
63%
Brazil174983.64-1.52333-52.5816720464Almeirim
63%
Mongolia163924.90848.9683389.962528400OElgiy
63%
Chad215337.66112.1844118.6930327763Mongo
62%
Canada301704.11953.82509-101.254136055The Pas
62%
Central African Republic207867.5914.7413222.8183824361Bangassou
62%
Chad162337.34112.2166721.416671000Goz Beida
62%
Democratic Republic of the Congo322224.9092.1877122.4682795520Bumba
62%
Chad179623.11713.8291620.832474188Abeche
62%
Kazakhstan203469.76645.3166755.214245Beyneu
62%
Niger366324.65616.973337.99111124324Agadez
62%
Mongolia158621.67746.3722296.2583315800Altai
62%
Chad276257.79917.925719.1042813400Faya-Largeau
62%
Democratic Republic of the Congo177386.8324.27921.0028450493Gbadolite
61%
Brazil329599.7980.03889-51.06639338936Macapa
61%
Brazil339391.785-6.64472-51.99516477Sao Felix do Xingu
61%
Indonesia374590.444-8.4964119.8877188724Labuhanbajo
61%
Indonesia199035.376-8.8432121.662377205Ende
61%
Central African Republic175858.9088.0777122.400755434Ouadda
61%
Canada307727.67152.94626-66.9113710313Labrador City
61%
Central African Republic168458.2556.5423321.9863329027Bria
61%
Indonesia775306.881-5.139958884119.43202751780000Makassar
61%
Central African Republic168602.555.7679520.6756532547Bambari
61%
China366981.84549.2119.7211066Hailar
60%
China157315.81846.57995913125.00000811560000Daqing
60%
Denmark1437609.08964.18347-51.7215714798Nuuk
60%
China244151.56150.41667124.11667135760Jagdaqi
59%
Seychelles1085020.135-4.6166755.4522881Victoria
59%
Russia234091.99950.27961127.5405221296Blagoveshchensk
59%
Fiji215572.852-16.41667179.3833327949Lambasa
59%
China160058.57942.925189.16831254900Laochenglu
59%
East Timor157373.963-8.51861127.002517186Lospalos
59%
Fiji1332867.816-18.14161178.4414977366Suva
59%
China176028.26350.78333121.5166773631Genhe
58%
China367720.18339.8112198.28618122396Jiayuguan
58%
China1692998.20243.8050122387.575005653625000Ürümqi
58%
China220716.76348.26667126.6436444Bei'an
58%
Mauritius880233.896-20.1619457.49889155226Port Louis
58%
France228049.548-20.8823155.4504137195Saint-Denis
58%
Canada169240.65950.24342-63.602642966Havre-Saint-Pierre
57%
Sweden184667.33967.8557220.2251318154Kiruna
57%
Norway561250.59269.648918.9550852436Tromso
57%
Russia162875.37848.79284132.9238676146Birobidzhan
57%
Russia259865.32551.12853133.0082714855Chegdomyn
57%
Norway170091.46869.9688723.2716512077Alta
57%
Indonesia514490.99-1.24204116.89419700000Balikpapan
56%
Kazakhstan163394.2146.9530754.0197851216Qulsary
56%
Mali242218.32318.90476-3.526494026Araouane
56%
Uzbekistan502105.86642.4530659.61028230006Nukus
55%
China208867.54652.33333124.7333360874Tahe
55%
Canada284409.31864.06252-139.426291319Dawson City
55%
Russia186545.22354.56358100.5814351330Tulun
55%
Russia640738.47961.2573.41667300367Surgut
55%
Mauritius596503.617-19.6833363.416676000Port Mathurin
55%
Mauritius431817.562-16.6032959.6585163Cargados Carajos
55%
Australia665732.834-20.72523139.4972722785Mount Isa
54%
Samoa1151095.284-13.83333-171.7666640407Apia
54%
Australia449325.804-19.6497134.191473889Tennant Creek
54%
Russia461224.3856.1325101.61417256600Bratsk
54%
Russia354995.54846.95407142.73603176484Yuzhno-Sakhalinsk
54%
Tonga284933.517-15.9544-173.79616815Hihifo
54%
Australia1284521.506-23.69748133.8836225186Alice Springs
54%
United States185544.414-11.05528-171.0883337Taulaga
54%
Russia206908.66649.22188143.0969416677Poronaysk
54%
New Zealand543175.915-8.54212-172.51591524Atafu Village
54%
Russia251125.70948.97215140.2891929740Sovetskaya Gavan'
54%
Canada591492.44947.56494-52.7093199182Saint John's
54%
Australia281733.221-16.92304145.76625153075Cairns
53%
Russia227940.53653.73601127.25726999Zeya
53%
Russia216045.14553.06972132.940111177Ekimchan
53%
Morocco474518.60423.68477-15.9579875000Dakhla
53%
Australia1087639.321-19.26639146.8057196219Townsville
53%
Russia593062.14568.9791733.09251319263Murmansk
52%
Japan183348.11445.22686147.877661719Kuril'sk
52%
Russia255423.7355.63695109.3229725800Severobaikalsk
52%
Japan190195.28945.40944141.6738941556Wakkanai
52%
Russia207473.63568.0530639.513064746Ostrovnoy
52%
Russia268930.68150.55034137.00995275908Komsomolsk-on-Amur
51%
Russia230002.24956.7938105.767248202Ust'-Kut
51%
United Kingdom1083559.27232.38167-64.678061896Saint George's
49%
Denmark320205.66266.93946-53.67355227Sisimiut
49%
Denmark662941.08665.61451-37.636761829Tasiilaq
48%
Kazakhstan198286.00648.6166761.266674673Yrghyz
48%
Canada659790.44562.456-114.3525515865Yellowknife
47%
Canada198254.20660.81555-115.799933400Hay River
47%
Mauritania374492.36522.71873-12.4520538000Zouerat
47%
Indonesia224705.3530.5412123.0595144195Gorontalo
46%
Kiribati220017.4843.3644172.983521834Makin Village
46%
Solomon Islands1402385.268-9.43333159.9556298Honiara
46%
Denmark240924.29261.99402-49.667761862Paamiut
46%
Vanuatu539380.391-17.73381168.3218835901Port Vila
46%
Canada599888.7867.82743-115.096491302Kugluktuk
46%
Denmark484922.03560.71667-46.033333224Qaqortoq
46%
Indonesia306525.882-0.8917119.8707282431Palu
45%
Solomon Islands229467.551-10.45442161.920451122Kirakira
45%
Denmark366970.09662.00973-6.7716413200Torshavn
45%
Russia257156.41363.5670553.68348102187Ukhta
45%
Solomon Islands253892.595-8.10303156.841866154Gizo
45%
Tuvalu155221.32-7.24562177.14511408Tanrake Village
44%
Tuvalu873361.671-8.52425179.194174492Funafuti
44%
United States296760.00666.89833-162.596673201Kotzebue
44%
Vanuatu274463.3-15.51989167.1623513397Luganville
44%
Norway860802.63578.2215.652060Longyearbyen
44%
Argentina250735.42-54.8-68.358028Ushuaia
43%
Russia245467.9965.1471657.2243946113Pechora
43%
Bolivia218619.532-18.33333-59.759882Robore
43%
United Kingdom1455631.507-54.28111-36.50922Grytviken
42%
Indonesia167819.346-0.9516122.787547778Luwuk
42%
Russia181107.5564.2610260.902332985Saranpaul'
42%
Bolivia161153.002-16.36667-58.46352San Matias
42%
Canada357192.75760.06349-128.708931547Watson Lake
42%
Kiribati1871457.251.3278172.9769640311Tarawa
41%
Malaysia286524.3334.4148114.0089228212Miri
41%
Russia150306.77660.41554134.544053062Ust-Maya
40%
Australia323198.17-21.15345149.1655474219Mackay
40%
Brazil232142.556-15.22611-59.3352829381Pontes e Lacerda
40%
Norway323223.22567.2814.4050134073Bodo
40%
Australia158374.674-20.01367148.2475410983Bowen
40%
Indonesia365459.005-3.9778122.51507195006Kendari
40%
Indonesia255139.0840.79065127.38424101731Ternate
40%
Marshall Islands661338.0747.08971171.3802725400Majuro
40%
Russia1353696.95162.03389129.73306235600Yakutsk
40%
Russia217546.36258.6880699.1844415670Kodinsk
39%
United States453620.72964.50111-165.406393598Nome
39%
United States247701.3761.53111-166.096671093Hooper Bay
39%
Russia217515.91858.00056102.66194100271Ust'-Ilimsk
39%
Malaysia671890.8195.9749116.0724457326Kota Kinabalu
39%
Russia302176.10251.7147294.45338108240Kyzyl
39%
Russia173484.37663.92301127.471354633Sangar
38%
United Kingdom2429912.722-37.06757-12.31155271Edinburgh of the Seven Seas
38%
Nauru700498.231-0.52545166.912472381Arijejen
38%
Brazil317826.304-10.88528-61.95167107697Ji Parana
38%
Malaysia165788.2353.16667113.03333151617Bintulu
38%
Russia254787.08760.34679102.284343090Vanavara
38%
Russia376179.55964.42289-173.226412536Provideniya
38%
Russia178491.63256.2016795.7175101502Kansk
38%
Malaysia177723.4814.2498117.8871306462Tawau
37%
Malaysia226991.885.8402118.1179392288Sandakan
37%
Brazil284332.464-12.74056-60.1458363231Vilhena
37%
Russia221200.99265.4410452.149785100Ust-Tsilma
37%
Tonga744604.026-21.13938-175.201822400Nuku'alofa
36%
Australia462347.703-17.95538122.2392212766Broome
35%
Russia231924.3761.6769496.379173748Baykit
35%
Angola231828.665-10.7072722.2246618465Luau
35%
Russia212640.43561.6011190.018062300Podkamennaya Tunguska
35%
United States807545.36771.29058-156.788724212Barrow
35%
Russia219940.50560.3755293.030176564Severo-Yeniseyskiy
35%
Argentina154551.569-50.34075-72.276828000El Calafate
35%
United States244998.40370.2175-150.976393402Nuiqsut
35%
Palau373820.9013.00488131.1216844Tobi Village
34%
Argentina205795.512-51.62261-69.2181385700Rio Gallegos
34%
Indonesia513303.3261.48218124.84892451893Manado
34%
United Kingdom726880.193-51.7-57.852213Stanley
34%
Tonga303680.883-18.65-173.983334320Neiafu
34%
Chile847483.83-53.15483-70.91129117430Punta Arenas
34%
Australia164181.177-17.30295123.628643199Derby
34%
Democratic Republic of the Congo224740.82-8.7386124.9905673557Kamina
33%
United States3482607.726-77.846166.6761258McMurdo Station
33%
Chile191957.141-51.72363-72.4874520000Puerto Natales
33%
Palau274311.6195.32608132.2194330Sonsorol Village
32%
Chile3530797.587-27.11124-109.350534000Hanga Roa
32%
Argentina196147.519-42.91147-71.3194728486Esquel
32%
Sudan314735.9513.4526222.44725162981Geneina
31%
Russia382912.40556.32035160.8454110000Klyuchi
31%
Chad157361.60515.1166722.251100Iriba
31%
Russia872169.61859.5638150.8034795282Magadan
31%
Brazil154062.971-5.18333-68.95862Jutai
31%
Brazil150465.173-3.37833-68.872511763Sao Paulo de Olivenca
31%
Chile521539.83-23.65236-70.3954309832Antofagasta
31%
Mali420005.87922.67443-3.978913019Taoudenni
31%
Colombia371538.999-4.21528-69.9405629666Leticia
31%
Russia214362.0954.43333113.64676Bagdarin
31%
United Kingdom539764.212-25.06597-130.1014746Adamstown
30%
France1536333.388-23.12028-134.969171103Rikitea
30%
Papua New Guinea263423.565-3.55342143.6267818230Wewak
30%
Chile357158.272-45.57524-72.0661945787Coihaique
30%
Portugal972964.24837.73333-25.6666720056Ponta Delgada
30%
Russia173416.26756.34162114.9004810359Taksimo
30%
Portugal169673.89738.65-27.2166712045Angra do Heroismo
30%
Russia178063.82151.98333116.5833315360Nerchinsk
30%
Argentina219643.801-49.30554-67.727436143San Julian
29%
Yemen223134.02516.2078752.1760510948Al Ghayzah
29%
United States820415.63853.8898-166.54224376Dutch Harbor
29%
Russia499249.17173.5081980.529181113Dikson
29%
United States211897.98813.51777144.839144943Dededo Village
29%
France2409937.011-17.55-149.629851Faaa
29%
Russia205966.65251.49604156.501022615Ozernovskiy
29%
Indonesia462891.928-0.87956131.26104125535Sorong
29%
United States2039593.46215.21233145.754548220Saipan
29%
Russia289592.26153.73417119.7651512647Mogocha
29%
Australia356580.146-23.35644119.735535138Newman
29%
Indonesia682092.21-3.69543128.1814355596Ambon
29%
Russia1512430.02553.04444158.65076187282Petropavlovsk-Kamchatsky
29%
Russia198009.02965.5333372.5166746339Nadym
29%
Russia327243.96566.0833376.6333394212Novyy Urengoy
28%
Russia1082125.92869.353588.2027140800Noril'sk
28%
Canada297947.83766.14511-65.712521320Pangnirtung
28%
Russia198214.750.89926142.1621512024Aleksandrovsk-Sakhalinskiy
28%
Argentina166348.356-44.79709-65.709941079Camarones
28%
Russia240687.29363.1930975.43728110000Noyabrsk
28%
Russia195620.34765.7947987.950064774Turukhansk
28%
Indonesia1046423.505-2.53371140.71813134895Jayapura
28%
Indonesia391164.253-5.6193132.788639502Tual
28%
Ecuador1054509.755-0.74018-90.31388996Puerto Ayora
28%
Russia217127.26267.465586.60277470Igarka
28%
Australia189941.927-20.73765116.8462911728Karratha
28%
Argentina338745.985-43.24895-65.3050593442Trelew
28%
Canada821687.30963.75059-68.514496124Iqaluit
28%
Australia1021264.567-20.31215118.6105915044Port Hedland
28%
United States268576.41559.03972-158.45752329Dillingham
28%
South Sudan192612.9628.4595525.6783700Raga
27%
Russia186793.9363.7119466.6722220087Beloyarskiy
27%
Algeria317066.07727.193512.4606949223In Salah
27%
Argentina188836.151-47.75034-65.8938210237Puerto Deseado
27%
Yemen333455.78612.6488154.018958545Hadibu
27%
United States364977.72155.33655-160.4988976Sand Point
27%
Brazil158764.621-9.91333-63.0408358096Ariquemes
27%
Russia207243.863.06101179.350461861Beringovskiy
26%
Canada709803.48768.34986-133.721813022Inuvik
26%
Russia154981.00666.5366.6019438025Salekhard
26%
Namibia583814.214-17.9333319.7666758172Rundu
26%
Russia1492816.10964.73424177.510310332Anadyr
26%
Canada167550.74748.93324-55.6649212076Grand Falls-Windsor
26%
Papua New Guinea187443.085-5.22465145.7965627419Madang
26%
Chad379900.2717.183221.5886223786Fada
26%
Russia235692.15366.32166-179.121982248Egvekinot
26%
Canada245021.71651.22602-58.650173961Saint-Augustin
26%
Algeria689646.36922.7855.5227873128Tamanrasset
26%
Libya317661.90324.9647210.1727824347Ghat
26%
Federated States of Micronesia467665.0859.51638138.121677371Colonia
25%
Australia985748.549-12.1568196.82251120West Island
25%
Russia385781.71353.14657140.7228827152Nikolayevsk-on-Amur
25%
Argentina656779.091-45.86414-67.49656140850Comodoro Rivadavia
25%
France3345646.173-49.3570.2166745Port-aux-Francais
25%
Namibia197702.223-18.0606813.839985101Opuwo
25%
Canada496581.57370.46916-68.591431017Clyde River
25%
Australia442235.407-24.88073113.65947392Carnarvon
25%
Canada432816.22565.28201-126.83291027Norman Wells
25%
Canada853163.85662.81732-92.083242334Rankin Inlet
25%
Federated States of Micronesia264677.9029.766140.52215Fais
25%
Russia397409.92565.9338111.483415267Aykhal
25%
Namibia394182.852-17.7833315.6833333618Oshakati
25%
Russia787665.04962.53528113.9611140308Mirny
24%
Russia574411.43767.4988464.0525380039Vorkuta
24%
New Zealand1139160.143-21.20778-159.77513373Avarua
24%
Russia208112.05160.72528114.9277823694Lensk
24%
United States573814.14460.79222-161.755836080Bethel
24%
Russia270403.57667.6386953.0037118041Nar'yan-Mar
24%
Somalia200102.3689.494250.812213753Bandarbeyla
24%
Russia664019.96956.66637124.6382566320Neryungri
24%
Federated States of Micronesia561508.2496.964158.20626074Kolonia
24%
Libya746745.98124.2048723.285746050Al Jawf
24%
Central African Republic286238.97110.2848822.7881810178Birao
24%
Australia212191.979-22.6939117.79312723Tom Price
23%
Algeria240027.12626.483338.466676629Illizi
23%
Russia156432.45253.58991142.9531326560Okha
23%
Russia168251.90355.156124.7247937335Tynda
23%
Russia179376.07657.78528108.1119413308Kirensk
23%
Papua New Guinea319707.694-5.8581144.2274433623Mount Hagen
23%
Russia237270.84563.28417118.331949972Nyurba
23%
Russia240642.42169.70287170.299934837Pevek
23%
Indonesia225081.486-1.1767136.0824537Biak
23%
Canada305329.69158.80533-122.70024514Fort Nelson
23%
Australia294085.87-18.22485127.666471209Halls Creek
23%
Russia221165.88658.61021125.3961324426Aldan
23%
Russia616710.35968.05464166.437215757Bilibino
23%
Indonesia317590.556-3.35989135.5007443898Nabire
23%
Russia875617.25671.69002128.864675700Tiksi
23%
Papua New Guinea390135.866-2.02259147.271195806Lorengau
23%
Canada585401.63555.7435-97.8557912467Thompson
23%
Russia166671.85766.865470.837844885Yar-Sale
23%
Russia314498.88462.78075148.153967367Susuman
23%
Canada442176.05953.31685-60.331537572Happy Valley-Goose Bay
23%
Russia223705.61668.75325161.331973707Cherskiy
22%
Federated States of Micronesia1016144.0467.45154151.846813856Weno
22%
Somalia154172.337.980349.816418904Eyl
22%
Russia172198.57559.62889112.740564556Peleduy
22%
Russia212909.48360.42795166.057641968Tilichiki
22%
Chad446754.10721.837517.42751880Aozou
22%
Russia166687.47160.30217137.555631230Solnechnyy
22%
Russia682933.40864.56968143.2379148Ust-Nera
22%
Denmark167335.30770.67472-52.126391299Uummannaq
22%
Russia179834.31762.50523139.051045000Nezhdaninskoe
22%
Denmark274507.94172.78684-56.154851129Upernavik
22%
Papua New Guinea603056.826-6.21319155.5367440266Arawa
22%
Russia179036.53659.24781163.070342420Ossora
22%
Russia191119.16961.91722159.233482024Evensk
22%
Palau876187.6637.33978134.4732614000Koror State
22%
Russia322962.54257.85056114.1933315933Bodaybo
22%
Australia405215.061-15.77813128.744145679Kununurra
22%
Russia267022.66154.71857135.31631305Chumikan
21%
Russia559685.15164.27769100.218495444Tura
21%
France152942.619-8.91093-140.099721224Taiohae
21%
Russia390795.68771.96347114.091991920Saskylakh
21%
France553149.858-22.45133-151.341911044Moerai
21%
Russia359020.44462.51575155.790384201Omsukchan
21%
France256257.877-16.50741-151.749134927Vaitape
21%
Russia312300.71959.08384159.95633671Palana
21%
France1401752.378-9.8-139.033331762Atuona
21%
New Zealand430727.462-19.05952-169.91867624Alofi
21%
Russia586484.12171.98002102.471113205Khatanga
21%
Federated States of Micronesia647102.015.32479163.007819686Tofol
21%
Norway647475.5570.9221-8.718714Olonkinbyen
21%
Russia206623.48768.4597273.590281745Mys-Kamennyy
21%
Russia265051.72556.46314138.177771286Ayan
21%
Russia188345.76270.00208135.548761517Ust-Kuyga
21%
Russia231410.72568.50472112.44852265Olenyok
21%
Russia502118.18967.65653134.639624266Batagay
20%
Russia180001.76367.79846130.401191666Batagay-Alyta
20%
Papua New Guinea269922.994-5.55021150.1428518847Kimbe
20%
Kiribati297309.3933.90806-159.38832194Napari Village
20%
Russia152708.49165.400364.702783209Muzhi
20%
Marshall Islands442601.7268.77479167.7391915000Ebaye
20%
Marshall Islands217952.8988.93218165.76416448Ujae
20%
Marshall Islands177159.4797.75003168.97513112Jabat
20%
Russia165215.58657.75979158.681611993Tigil'
20%
Papua New Guinea417154.389-4.35202152.2632726273Kokopo
20%
Papua New Guinea255325.94-2.57444150.7966914490Kavieng
20%
Russia168641.18567.471578.71625981Tazovskiy
20%
Australia418455.356-12.62346141.878832830Weipa
20%
Marshall Islands284637.2159.45429170.23674880Wotje
20%
Russia355037.25665.73489150.894293627Zyryanka
20%
Indonesia314142.877-0.86667134.0833353190Manokwari
20%
Kiribati1895621.1452.01643-157.487731881Tabwakea Village
20%
Marshall Islands174296.125.59944168.10282814Namdrik
19%
Papua New Guinea324433.31-9.07628143.2091915214Daru
19%
Marshall Islands231543.5795.92098169.643351200Jabor
19%
Russia228793.26567.45659153.702463459Srednekolymsk
19%
Papua New Guinea261361.743-6.12193141.2906111536Kiunga
19%
France383952.535-13.28163-176.174531200Mata-Utu
19%
Canada670388.62768.62602-95.878361109Gjoa Haven
19%
Solomon Islands396963.542-10.71667165.83333553Lata
19%
Papua New Guinea177624.134-8.71066141.636682246Morehead
19%
France242494.056-14.29034-178.16551480Sigave
19%
Russia430651.05359.362143.214685570Okhotsk
19%
Australia198679.507-10.58077142.219642610Thursday Island
19%
Russia321380.35566.76601123.374183237Zhigansk
18%
Australia550602.469-12.18652136.782013202Nhulunbuy
18%
Australia188592.314-13.85413136.42131289Alyangula
18%
Russia336056.72270.61897147.89732506Chokurdakh
18%
Russia241501.67268.53805146.185832383Belaya Gora
18%
Russia285734.53869.30958139.975713484Deputatsky
17%
Russia172216.36263.74683121.633399948Vilyuysk
17%
Russia302137.14661.28016108.015352019Yerbogachen
16%
Russia303818.13460.3743120.42038813Olyokminsk
16%
Denmark275656.80269.21667-51.14413Ilulissat
16%

Score Distribution

Percentile by Number Answered

Percent of People with Each Score

Your Score History

You have not taken this quiz